{"text_format":"3","workbook":"xlsx","n_sheets":17,"sheets":["部门财务收支预算总表01-1","部门收入预算表01-2","部门支出预算表01-3","部门财政拨款收支预算总表02-1","一般公共预算支出预算表02-2","一般公共预算“三公”经费支出预算表03","部门基本支出预算表04","部门项目支出预算表05-1","部门项目支出绩效目标表05-2","部门政府性基金预算支出预算表06","部门政府采购预算表07","部门政府购买服务预算表08","省对下转移支付预算表09-1","省对下转移支付绩效目标表09-2","新增资产配置表10","中央转移支付补助项目支出预算表11","部门项目中期规划预算表12"],"read":"whole","date_system":"1900"}

{"sheet":"部门财务收支预算总表01-1","index":0,"n_rows":21,"n_cols":4,"rows_kept":21,"merged":[[1,0,1,3],[2,0,2,1],[3,0,3,1],[3,2,3,3],[4,0,5,0],[4,1,5,1],[4,2,5,2],[4,3,5,3]]}
[{"$nulls":3},"预算01-1表"]
["2025年财务收支预算总表部门"]
["单位名称：云南省福利彩票发行中心",null,null,"单位:元"]
["收        入",null,"支        出"]
["项      目","预算数","项目（按功能分类）","预算数"]
[]
["一、一般公共预算拨款收入",null,"一、一般公共服务支出",{"v":2650000,"d":"2,650,000.00"}]
["二、政府性基金预算拨款收入",{"v":161340000,"d":"161,340,000.00"},"二、社会保障和就业支出"]
["三、国有资本经营预算拨款收入",null,"三、卫生健康支出"]
["四、财政专户管理资金收入",null,"四、住房保障支出"]
["五、单位资金",{"v":3020000,"d":"3,020,000.00"},"五、其他支出",{"v":205064224.63,"d":"205,064,224.63"}]
["1、事业收入"]
["2、事业单位经营收入"]
["3、上级补助收入"]
["4、附属单位上缴收入"]
["5、其他收入",{"v":3020000,"d":"3,020,000.00"}]
["本年收入合计",{"v":164360000,"d":"164,360,000.00"},"本年支出合计",{"v":207714224.63,"d":"207,714,224.63"}]
["上年结转结余",{"v":43724224.63,"d":"43,724,224.63"},"年终结转结余",{"v":370000,"d":"370,000.00"}]
["1、财政拨款结转结余",{"v":43724224.63,"d":"43,724,224.63"},"1、财政拨款结转结余"]
["2、使用非财政拨款结余",null,"2、非财政拨款结余",{"v":370000,"d":"370,000.00"}]
["收  入  总  计",{"v":208084224.63,"d":"208,084,224.63"},"支 出 总 计",{"v":208084224.63,"d":"208,084,224.63"}]

{"sheet":"部门收入预算表01-2","index":1,"n_rows":9,"n_cols":19,"rows_kept":9,"merged":[[1,0,1,18],[2,0,2,3],[2,17,2,18],[3,0,5,0],[3,1,5,1],[3,2,5,2],[3,3,3,13],[3,14,3,18],[4,3,5,3],[4,4,5,4],[4,5,5,5],[4,6,5,6],[4,7,5,7],[4,8,4,13],[4,14,5,14],[4,15,5,15],[4,16,5,16],[4,17,5,17],[4,18,5,18]]}
[]
["2025年部门收入预算表"]
["单位名称：云南省福利彩票发行中心",{"$nulls":16},"单位:元","单位:元"]
["部门（单位）代码","部门（单位）名称","合计","本年收入",{"$nulls":10},"上年结转结余"]
[{"$nulls":3},"小计","一般公共预算","政府性基金预算","国有资本经营预算","财政专户管理资金","单位资金收入",null,"事业单位经营收入","上级补助收入","附属单位上缴收入","其他收入","小计","一般公共预算","政府性基金预算","国有资本经营预算","使用非财政拨款结余"]
[{"$nulls":8},"小计","事业收入","事业单位经营收入","上级补助收入","附属单位上缴收入","其他收入"]
[1,2,3,4,5,6,7,8,9,10,11,12,13,14,15,16,17,18,19]
["404001","云南省福利彩票发行中心",{"v":208084224.63,"d":"208,084,224.63"},{"v":164360000,"d":"164,360,000.00"},null,{"v":161340000,"d":"161,340,000.00"},null,null,{"v":3020000,"d":"3,020,000.00"},{"$nulls":4},{"v":3020000,"d":"3,020,000.00"},{"v":43724224.63,"d":"43,724,224.63"},null,{"v":43724224.63,"d":"43,724,224.63"}]
["合计",null,{"v":208084224.63,"d":"208,084,224.63"},{"v":164360000,"d":"164,360,000.00"},null,{"v":161340000,"d":"161,340,000.00"},null,null,{"v":3020000,"d":"3,020,000.00"},{"$nulls":4},{"v":3020000,"d":"3,020,000.00"},{"v":43724224.63,"d":"43,724,224.63"},null,{"v":43724224.63,"d":"43,724,224.63"}]

{"sheet":"部门支出预算表01-3","index":2,"n_rows":14,"n_cols":15,"rows_kept":14,"merged":[[1,0,1,14],[2,0,2,11],[3,0,4,0],[3,1,4,1],[3,2,4,2],[3,3,3,5],[3,6,4,6],[3,7,4,7],[3,8,4,8],[3,9,3,14],[13,0,13,1]]}
[{"$nulls":14},"预算01-3表"]
["2025年部门支出预算表"]
["单位名称：云南省福利彩票发行中心",{"$nulls":13},"单位:元"]
["科目编码","科目名称","合计","一般公共预算",null,null,"政府性基金预算","国有资本经营预算","财政专户管理的支出","单位资金","事业支出","事业单位\n经营支出","上级补助支出","附属单位补助支出","其他支出"]
[{"$nulls":3},"小计","基本支出","项目支出",{"$nulls":3},"小计","事业支出","事业单位\n经营支出","上级补助支出","附属单位补助支出","其他支出"]
[1,2,3,4,5,6,7,8,9,10,11,12,13,14,15]
["201","一般公共服务支出",{"v":2650000,"d":"2,650,000.00"},{"$nulls":6},{"v":2650000,"d":"2,650,000.00"},{"$nulls":4},{"v":2650000,"d":"2,650,000.00"}]
["20139","社会工作事务",{"v":2650000,"d":"2,650,000.00"},{"$nulls":6},{"v":2650000,"d":"2,650,000.00"},{"$nulls":4},{"v":2650000,"d":"2,650,000.00"}]
["2013904","专项业务",{"v":2650000,"d":"2,650,000.00"},{"$nulls":6},{"v":2650000,"d":"2,650,000.00"},{"$nulls":4},{"v":2650000,"d":"2,650,000.00"}]
["229","其他支出",{"v":205064224.63,"d":"205,064,224.63"},{"$nulls":3},{"v":205064224.63,"d":"205,064,224.63"}]
["22908","彩票发行销售机构业务费安排的支出",{"v":205064224.63,"d":"205,064,224.63"},{"$nulls":3},{"v":205064224.63,"d":"205,064,224.63"}]
["2290804","福利彩票销售机构的业务费支出",{"v":197851604.63,"d":"197,851,604.63"},{"$nulls":3},{"v":197851604.63,"d":"197,851,604.63"}]
["2290808","彩票市场调控资金支出",{"v":7212620,"d":"7,212,620.00"},{"$nulls":3},{"v":7212620,"d":"7,212,620.00"}]
["合  计","合  计",{"v":207714224.63,"d":"207,714,224.63"},{"$nulls":3},{"v":205064224.63,"d":"205,064,224.63"},null,null,{"v":2650000,"d":"2,650,000.00"},{"$nulls":4},{"v":2650000,"d":"2,650,000.00"}]

{"sheet":"部门财政拨款收支预算总表02-1","index":3,"n_rows":16,"n_cols":4,"rows_kept":16,"merged":[[1,0,1,3],[2,0,2,1],[3,0,3,1],[3,2,3,3],[4,0,5,0],[4,1,5,1],[4,2,5,2],[4,3,5,3]]}
[{"$nulls":3},"预算02-1表"]
["2025年部门财政拨款收支预算总表"]
["单位名称：云南省福利彩票发行中心",null,null,"单位:元"]
["收        入",null,"支        出"]
["项      目","预算数","支出功能分类科目","预算数"]
[]
["一、本年收入",{"v":161340000,"d":"161,340,000.00"},"一、本年支出",{"v":205064224.63,"d":"205,064,224.63"}]
["（一）一般公共预算拨款",null,"（一）一般公共服务支出"]
["（二）政府性基金预算拨款",{"v":161340000,"d":"161,340,000.00"},"（二）社会保障和就业支出"]
["（三）国有资本经营预算拨款",null,"（三）卫生健康支出"]
["二、上年结转",{"v":43724224.63,"d":"43,724,224.63"},"（四）住房保障支出"]
["（一）一般公共预算拨款",null,"（五）其他支出",{"v":205064224.63,"d":"205,064,224.63"}]
["（二）政府性基金预算拨款",{"v":43724224.63,"d":"43,724,224.63"}]
["（三）国有资本经营预算拨款"]
[null,null,"二、年终结转结余"]
["收 入 总 计",{"v":205064224.63,"d":"205,064,224.63"},"支 出 总 计",{"v":205064224.63,"d":"205,064,224.63"}]

{"sheet":"一般公共预算支出预算表02-2","index":4,"n_rows":9,"n_cols":7,"rows_kept":9,"merged":[[1,0,1,6],[2,0,2,4],[3,0,3,1],[3,2,4,2],[3,3,3,5],[3,6,4,6],[7,0,7,1]]}
[{"$nulls":6},"预算02-2表"]
["2025年一般公共预算支出预算表（按功能科目分类）"]
["单位名称：云南省福利彩票发行中心",{"$nulls":5},"单位:元"]
["部门预算支出功能分类科目",null,"合计","基本支出",null,null,"项目支出"]
["科目编码","科目名称",null,"小计","人员经费","公用经费"]
["1","2","3",null,"4","5","6"]
[]
["合  计","合  计"]
["注：云南省福利彩票发行中心无一般公共预算支出，此表为空表。"]

{"sheet":"一般公共预算“三公”经费支出预算表03","index":5,"n_rows":8,"n_cols":6,"rows_kept":8,"merged":[[1,0,1,5],[2,0,2,3],[3,0,4,0],[3,1,4,1],[3,2,3,4],[3,5,4,5]]}
[{"$nulls":5},"预算03表"]
["2025年一般公共预算“三公”经费支出预算表"]
["单位名称：云南省福利彩票发行中心",{"$nulls":4},"单位：元"]
["“三公”经费合计","因公出国（境）费","公务用车购置及运行费",null,null,"公务接待费"]
[null,null,"小计","公务用车购置费","公务用车运行费"]
[1,2,3,4,5,6]
[]
["注：云南省福利彩票发行中心无一般公共预算“三公”经费支出，此表为空表。"]

{"sheet":"部门基本支出预算表04","index":6,"n_rows":12,"n_cols":23,"rows_kept":12,"merged":[[1,0,1,22],[2,0,2,6],[3,0,6,0],[3,1,6,1],[3,2,6,2],[3,3,6,3],[3,4,6,4],[3,5,6,5],[3,6,6,6],[3,7,3,22],[4,7,6,7],[4,8,4,12],[4,13,4,15],[4,16,6,16],[4,17,4,22],[5,8,6,8],[5,9,6,9],[5,10,6,10],[5,11,6,11],[5,12,6,12],[5,13,6,13],[5,14,6,14],[5,15,6,15],[5,17,6,17],[5,18,6,18],[5,19,6,19],[5,20,6,20],[5,21,6,21],[5,22,6,22],[10,0,10,6]]}
[{"$nulls":22},"预算04表"]
["2025年部门基本支出预算表"]
["单位名称：云南省福利彩票发行中心",{"$nulls":21},"单位：元"]
["单位名称","项目代码","项目名称","功能科目编码","功能科目名称","经济科目编码","经济科目名称","资金来源"]
[{"$nulls":7},"合计","一般公共预算",{"$nulls":4},"财政拨款结转结余",null,null,"财政专户管理资金","单位资金"]
[{"$nulls":8},"全年数","已提前安排","抵扣上年垫付资金","本次下达","另文下达","一般公共预算","政府性基金预算","国有资本经营预算",null,"小计","事业收入","事业单位\n经营收入","上级补助收入","附属单位上缴收入","其他收入"]
[]
[1,2,3,4,5,6,7,8,9,10,11,12,13,14,15,16,17,18,19,20,21,22,23]
[]
[]
["合  计"]
["注：云南省福利彩票发行中心预算资金来源于彩票机构业务费安排的政府性基金预算，属于“项目支出”预算，无“基本支出”预算，此表为空表。"]

{"sheet":"部门项目支出预算表05-1","index":7,"n_rows":74,"n_cols":23,"rows_kept":74,"merged":[[1,0,1,22],[2,0,2,8],[3,0,5,0],[3,1,5,1],[3,2,5,2],[3,3,5,3],[3,4,5,4],[3,5,5,5],[3,6,5,6],[3,7,5,7],[3,8,5,8],[3,9,3,12],[3,13,3,15],[3,16,5,16],[3,17,3,22],[4,9,4,10],[4,11,5,11],[4,12,5,12],[4,13,5,13],[4,14,5,14],[4,15,5,15],[4,17,5,17],[4,18,5,18],[4,19,5,19],[4,20,5,20],[4,21,5,21],[4,22,5,22],[73,0,73,7]]}
[{"$nulls":22},"预算05-1表"]
["2025年部门项目支出预算表"]
["单位名称：云南省福利彩票发行中心","单位名称：云南省福利彩票发行中心",{"$nulls":20},"单位：元"]
["项目分类","项目代码","项目名称","项目单位","功能科目编码","功能科目名称","经济科目编码","经济科目名称","合计","本年拨款",{"$nulls":3},"财政拨款结转结余",null,null,"财政专户管理资金","单位资金"]
[{"$nulls":9},"一般公共预算",null,"政府性基金预算","国有资本经营预算","一般公共预算","政府性基金预算","国有资本经营预算",null,"小计","事业收入","事业单位\n经营收入","上级补助收入","附属单位上缴收入","其他收入"]
[{"$nulls":9},"小计","其中：本次下达"]
[1,2,3,4,5,6,7,8,9,10,11,12,13,14,15,16,17,18,19,20,21,22,23]
[null,null,"2024年度中央彩票市场调控项目资金",{"$nulls":5},{"v":4957320,"d":"4,957,320.00"},{"$nulls":5},{"v":4957320,"d":"4,957,320.00"}]
["事业发展类","530000241100002379148","2024年度中央彩票市场调控项目资金","云南省福利彩票发行中心","2290808","彩票市场调控资金支出","31003","专用设备购置",{"v":4957320,"d":"4,957,320.00"},{"$nulls":5},{"v":4957320,"d":"4,957,320.00"}]
[null,null,"2024年中央彩票市场调控项目（第二批）资金",{"$nulls":5},{"v":2255300,"d":"2,255,300.00"},{"$nulls":5},{"v":2255300,"d":"2,255,300.00"}]
["事业发展类","530000241100003018351","2024年中央彩票市场调控项目（第二批）资金","云南省福利彩票发行中心","2290808","彩票市场调控资金支出","30213","维修（护）费",{"v":994000,"d":"994,000.00"},{"$nulls":5},{"v":994000,"d":"994,000.00"}]
["事业发展类","530000241100003018351","2024年中央彩票市场调控项目（第二批）资金","云南省福利彩票发行中心","2290808","彩票市场调控资金支出","31003","专用设备购置",{"v":1261300,"d":"1,261,300.00"},{"$nulls":5},{"v":1261300,"d":"1,261,300.00"}]
[null,null,"编外长期聘用人员的工资福利支出",{"$nulls":5},{"v":7193800,"d":"7,193,800.00"},null,null,{"v":7193800,"d":"7,193,800.00"}]
["其他人员支出","530000221100000173306","编外长期聘用人员的工资福利支出","云南省福利彩票发行中心","2290804","福利彩票销售机构的业务费支出","30199","其他工资福利支出",{"v":7193800,"d":"7,193,800.00"},null,null,{"v":7193800,"d":"7,193,800.00"}]
[null,null,"对个人和家庭的补助",{"$nulls":5},{"v":634700,"d":"634,700.00"},null,null,{"v":634700,"d":"634,700.00"}]
["对个人和家庭的补助","530000221100000173292","对个人和家庭的补助","云南省福利彩票发行中心","2290804","福利彩票销售机构的业务费支出","30302","退休费",{"v":534700,"d":"534,700.00"},null,null,{"v":534700,"d":"534,700.00"}]
["对个人和家庭的补助","530000221100000173292","对个人和家庭的补助","云南省福利彩票发行中心","2290804","福利彩票销售机构的业务费支出","30303","退职（役）费",{"v":100000,"d":"100,000.00"},null,null,{"v":100000,"d":"100,000.00"}]
[null,null,"福利彩票销售机构车辆购置及运维费",{"$nulls":5},{"v":153650,"d":"153,650.00"},null,null,{"v":153650,"d":"153,650.00"}]
["公车购置及运维费","530000231100001047490","福利彩票销售机构车辆购置及运维费","云南省福利彩票发行中心","2290804","福利彩票销售机构的业务费支出","30231","公务用车运行维护费",{"v":153650,"d":"153,650.00"},null,null,{"v":153650,"d":"153,650.00"}]
[null,null,"福利彩票销售机构工会经费",{"$nulls":5},{"v":217300,"d":"217,300.00"},null,null,{"v":217300,"d":"217,300.00"}]
["工会经费","530000231100001047765","福利彩票销售机构工会经费","云南省福利彩票发行中心","2290804","福利彩票销售机构的业务费支出","30228","工会经费",{"v":217300,"d":"217,300.00"},null,null,{"v":217300,"d":"217,300.00"}]
[null,null,"福利彩票销售机构公务接待费",{"$nulls":5},{"v":30000,"d":"30,000.00"},null,null,{"v":30000,"d":"30,000.00"}]
["公务接待费","530000231100001047749","福利彩票销售机构公务接待费","云南省福利彩票发行中心","2290804","福利彩票销售机构的业务费支出","30217","公务接待费",{"v":30000,"d":"30,000.00"},null,null,{"v":30000,"d":"30,000.00"}]
[null,null,"福利彩票销售机构其他运转类项目支出专项经费",{"$nulls":5},{"v":7825553,"d":"7,825,553.00"},null,null,{"v":6841063,"d":"6,841,063.00"},null,null,{"v":984490,"d":"984,490.00"}]
["其他运转类","530000231100001047175","福利彩票销售机构其他运转类项目支出专项经费","云南省福利彩票发行中心","2290804","福利彩票销售机构的业务费支出","30205","水费",{"v":10200,"d":"10,200.00"},null,null,{"v":10200,"d":"10,200.00"}]
["其他运转类","530000231100001047175","福利彩票销售机构其他运转类项目支出专项经费","云南省福利彩票发行中心","2290804","福利彩票销售机构的业务费支出","30206","电费",{"v":391860,"d":"391,860.00"},null,null,{"v":391860,"d":"391,860.00"}]
["其他运转类","530000231100001047175","福利彩票销售机构其他运转类项目支出专项经费","云南省福利彩票发行中心","2290804","福利彩票销售机构的业务费支出","30209","物业管理费",{"v":65000,"d":"65,000.00"},null,null,{"v":65000,"d":"65,000.00"}]
["其他运转类","530000231100001047175","福利彩票销售机构其他运转类项目支出专项经费","云南省福利彩票发行中心","2290804","福利彩票销售机构的业务费支出","30213","维修（护）费",{"v":214950,"d":"214,950.00"},null,null,{"v":214950,"d":"214,950.00"}]
["其他运转类","530000231100001047175","福利彩票销售机构其他运转类项目支出专项经费","云南省福利彩票发行中心","2290804","福利彩票销售机构的业务费支出","30239","其他交通费用",{"v":96000,"d":"96,000.00"},null,null,{"v":96000,"d":"96,000.00"}]
["其他运转类","530000231100001047175","福利彩票销售机构其他运转类项目支出专项经费","云南省福利彩票发行中心","2290804","福利彩票销售机构的业务费支出","30299","其他商品和服务支出",{"v":157290,"d":"157,290.00"},null,null,{"v":149800,"d":"149,800.00"},null,null,{"v":7490,"d":"7,490.00"}]
["其他运转类","530000231100001047175","福利彩票销售机构其他运转类项目支出专项经费","云南省福利彩票发行中心","2290804","福利彩票销售机构的业务费支出","31002","办公设备购置",{"v":277355,"d":"277,355.00"},null,null,{"v":277355,"d":"277,355.00"}]
["其他运转类","530000231100001047175","福利彩票销售机构其他运转类项目支出专项经费","云南省福利彩票发行中心","2290804","福利彩票销售机构的业务费支出","31003","专用设备购置",{"v":4125200,"d":"4,125,200.00"},null,null,{"v":4125200,"d":"4,125,200.00"}]
["其他运转类","530000231100001047175","福利彩票销售机构其他运转类项目支出专项经费","云南省福利彩票发行中心","2290804","福利彩票销售机构的业务费支出","31007","信息网络及软件购置更新",{"v":2487698,"d":"2,487,698.00"},null,null,{"v":1510698,"d":"1,510,698.00"},null,null,{"v":977000,"d":"977,000.00"}]
[null,null,"福利彩票销售机构日常公用经费",{"$nulls":5},{"v":4349500,"d":"4,349,500.00"},null,null,{"v":4349500,"d":"4,349,500.00"}]
["其他公用支出","530000231100001046959","福利彩票销售机构日常公用经费","云南省福利彩票发行中心","2290804","福利彩票销售机构的业务费支出","30201","办公费",{"v":70000,"d":"70,000.00"},null,null,{"v":70000,"d":"70,000.00"}]
["其他公用支出","530000231100001046959","福利彩票销售机构日常公用经费","云南省福利彩票发行中心","2290804","福利彩票销售机构的业务费支出","30202","印刷费",{"v":6000,"d":"6,000.00"},null,null,{"v":6000,"d":"6,000.00"}]
["其他公用支出","530000231100001046959","福利彩票销售机构日常公用经费","云南省福利彩票发行中心","2290804","福利彩票销售机构的业务费支出","30205","水费",{"v":28000,"d":"28,000.00"},null,null,{"v":28000,"d":"28,000.00"}]
["其他公用支出","530000231100001046959","福利彩票销售机构日常公用经费","云南省福利彩票发行中心","2290804","福利彩票销售机构的业务费支出","30207","邮电费",{"v":61000,"d":"61,000.00"},null,null,{"v":61000,"d":"61,000.00"}]
["其他公用支出","530000231100001046959","福利彩票销售机构日常公用经费","云南省福利彩票发行中心","2290804","福利彩票销售机构的业务费支出","30209","物业管理费",{"v":1208630,"d":"1,208,630.00"},null,null,{"v":1208630,"d":"1,208,630.00"}]
["其他公用支出","530000231100001046959","福利彩票销售机构日常公用经费","云南省福利彩票发行中心","2290804","福利彩票销售机构的业务费支出","30211","差旅费",{"v":41100,"d":"41,100.00"},null,null,{"v":41100,"d":"41,100.00"}]
["其他公用支出","530000231100001046959","福利彩票销售机构日常公用经费","云南省福利彩票发行中心","2290804","福利彩票销售机构的业务费支出","30213","维修（护）费",{"v":55000,"d":"55,000.00"},null,null,{"v":55000,"d":"55,000.00"}]
["其他公用支出","530000231100001046959","福利彩票销售机构日常公用经费","云南省福利彩票发行中心","2290804","福利彩票销售机构的业务费支出","30215","会议费",{"v":120000,"d":"120,000.00"},null,null,{"v":120000,"d":"120,000.00"}]
["其他公用支出","530000231100001046959","福利彩票销售机构日常公用经费","云南省福利彩票发行中心","2290804","福利彩票销售机构的业务费支出","30216","培训费",{"v":33000,"d":"33,000.00"},null,null,{"v":33000,"d":"33,000.00"}]
["其他公用支出","530000231100001046959","福利彩票销售机构日常公用经费","云南省福利彩票发行中心","2290804","福利彩票销售机构的业务费支出","30227","委托业务费",{"v":583000,"d":"583,000.00"},null,null,{"v":583000,"d":"583,000.00"}]
["其他公用支出","530000231100001046959","福利彩票销售机构日常公用经费","云南省福利彩票发行中心","2290804","福利彩票销售机构的业务费支出","30229","福利费",{"v":217300,"d":"217,300.00"},null,null,{"v":217300,"d":"217,300.00"}]
["其他公用支出","530000231100001046959","福利彩票销售机构日常公用经费","云南省福利彩票发行中心","2290804","福利彩票销售机构的业务费支出","30240","税金及附加费用",{"v":1560870,"d":"1,560,870.00"},null,null,{"v":1560870,"d":"1,560,870.00"}]
["其他公用支出","530000231100001046959","福利彩票销售机构日常公用经费","云南省福利彩票发行中心","2290804","福利彩票销售机构的业务费支出","30299","其他商品和服务支出",{"v":365600,"d":"365,600.00"},null,null,{"v":365600,"d":"365,600.00"}]
[null,null,"福利彩票销售机构业务项目支出专项经费",{"$nulls":5},{"v":151840701.63,"d":"151,840,701.63"},null,null,{"v":118097087,"d":"118,097,087.00"},null,null,{"v":31093614.63,"d":"31,093,614.63"},null,null,{"v":2650000,"d":"2,650,000.00"},{"$nulls":4},{"v":2650000,"d":"2,650,000.00"}]
["事业发展类","530000200000000000868","福利彩票销售机构业务项目支出专项经费","云南省福利彩票发行中心","2013904","专项业务","30240","税金及附加费用",{"v":900000,"d":"900,000.00"},{"$nulls":8},{"v":900000,"d":"900,000.00"},{"$nulls":4},{"v":900000,"d":"900,000.00"}]
["事业发展类","530000200000000000868","福利彩票销售机构业务项目支出专项经费","云南省福利彩票发行中心","2013904","专项业务","30299","其他商品和服务支出",{"v":1750000,"d":"1,750,000.00"},{"$nulls":8},{"v":1750000,"d":"1,750,000.00"},{"$nulls":4},{"v":1750000,"d":"1,750,000.00"}]
["事业发展类","530000200000000000868","福利彩票销售机构业务项目支出专项经费","云南省福利彩票发行中心","2290804","福利彩票销售机构的业务费支出","30202","印刷费",{"v":33809240,"d":"33,809,240.00"},null,null,{"v":33451000,"d":"33,451,000.00"},null,null,{"v":358240,"d":"358,240.00"}]
["事业发展类","530000200000000000868","福利彩票销售机构业务项目支出专项经费","云南省福利彩票发行中心","2290804","福利彩票销售机构的业务费支出","30211","差旅费",{"v":906070,"d":"906,070.00"},null,null,{"v":906070,"d":"906,070.00"}]
["事业发展类","530000200000000000868","福利彩票销售机构业务项目支出专项经费","云南省福利彩票发行中心","2290804","福利彩票销售机构的业务费支出","30213","维修（护）费",{"v":14916600,"d":"14,916,600.00"},null,null,{"v":7788600,"d":"7,788,600.00"},null,null,{"v":7128000,"d":"7,128,000.00"}]
["事业发展类","530000200000000000868","福利彩票销售机构业务项目支出专项经费","云南省福利彩票发行中心","2290804","福利彩票销售机构的业务费支出","30214","租赁费",{"v":3696000,"d":"3,696,000.00"},null,null,{"v":1968000,"d":"1,968,000.00"},null,null,{"v":1728000,"d":"1,728,000.00"}]
["事业发展类","530000200000000000868","福利彩票销售机构业务项目支出专项经费","云南省福利彩票发行中心","2290804","福利彩票销售机构的业务费支出","30216","培训费",{"v":366300,"d":"366,300.00"},null,null,{"v":366300,"d":"366,300.00"}]
["事业发展类","530000200000000000868","福利彩票销售机构业务项目支出专项经费","云南省福利彩票发行中心","2290804","福利彩票销售机构的业务费支出","30226","劳务费",{"v":926000,"d":"926,000.00"},null,null,{"v":926000,"d":"926,000.00"}]
["事业发展类","530000200000000000868","福利彩票销售机构业务项目支出专项经费","云南省福利彩票发行中心","2290804","福利彩票销售机构的业务费支出","30227","委托业务费",{"v":87581291.63,"d":"87,581,291.63"},null,null,{"v":65701917,"d":"65,701,917.00"},null,null,{"v":21879374.63,"d":"21,879,374.63"}]
["事业发展类","530000200000000000868","福利彩票销售机构业务项目支出专项经费","云南省福利彩票发行中心","2290804","福利彩票销售机构的业务费支出","30299","其他商品和服务支出",{"v":6989200,"d":"6,989,200.00"},null,null,{"v":6989200,"d":"6,989,200.00"}]
[null,null,"福利彩票销售机构专业信息系统运行维护专项经费",{"$nulls":5},{"v":20165900,"d":"20,165,900.00"},null,null,{"v":15732400,"d":"15,732,400.00"},null,null,{"v":4433500,"d":"4,433,500.00"}]
["专业信息系统运行维护费","530000231100001047897","福利彩票销售机构专业信息系统运行维护专项经费","云南省福利彩票发行中心","2290804","福利彩票销售机构的业务费支出","30213","维修（护）费",{"v":12876900,"d":"12,876,900.00"},null,null,{"v":10808400,"d":"10,808,400.00"},null,null,{"v":2068500,"d":"2,068,500.00"}]
["专业信息系统运行维护费","530000231100001047897","福利彩票销售机构专业信息系统运行维护专项经费","云南省福利彩票发行中心","2290804","福利彩票销售机构的业务费支出","30214","租赁费",{"v":7289000,"d":"7,289,000.00"},null,null,{"v":4924000,"d":"4,924,000.00"},null,null,{"v":2365000,"d":"2,365,000.00"}]
[null,null,"事业编制人员的社会保障缴费",{"$nulls":5},{"v":1913800,"d":"1,913,800.00"},null,null,{"v":1913800,"d":"1,913,800.00"}]
["社会保障缴费","530000221100000173271","事业编制人员的社会保障缴费","云南省福利彩票发行中心","2290804","福利彩票销售机构的业务费支出","30108","机关事业单位基本养老保险缴费",{"v":567800,"d":"567,800.00"},null,null,{"v":567800,"d":"567,800.00"}]
["社会保障缴费","530000221100000173271","事业编制人员的社会保障缴费","云南省福利彩票发行中心","2290804","福利彩票销售机构的业务费支出","30109","职业年金缴费",{"v":283900,"d":"283,900.00"},null,null,{"v":283900,"d":"283,900.00"}]
["社会保障缴费","530000221100000173271","事业编制人员的社会保障缴费","云南省福利彩票发行中心","2290804","福利彩票销售机构的业务费支出","30110","职工基本医疗保险缴费",{"v":543300,"d":"543,300.00"},null,null,{"v":543300,"d":"543,300.00"}]
["社会保障缴费","530000221100000173271","事业编制人员的社会保障缴费","云南省福利彩票发行中心","2290804","福利彩票销售机构的业务费支出","30111","公务员医疗补助缴费",{"v":385000,"d":"385,000.00"},null,null,{"v":385000,"d":"385,000.00"}]
["社会保障缴费","530000221100000173271","事业编制人员的社会保障缴费","云南省福利彩票发行中心","2290804","福利彩票销售机构的业务费支出","30112","其他社会保障缴费",{"v":133800,"d":"133,800.00"},null,null,{"v":133800,"d":"133,800.00"}]
[null,null,"事业编制人员的住房公积金",{"$nulls":5},{"v":690400,"d":"690,400.00"},null,null,{"v":690400,"d":"690,400.00"}]
["住房公积金","530000221100000173291","事业编制人员的住房公积金","云南省福利彩票发行中心","2290804","福利彩票销售机构的业务费支出","30113","住房公积金",{"v":690400,"d":"690,400.00"},null,null,{"v":690400,"d":"690,400.00"}]
[null,null,"事业编制人员工资支出",{"$nulls":5},{"v":5486300,"d":"5,486,300.00"},null,null,{"v":5486300,"d":"5,486,300.00"}]
["事业人员支出工资","530000221100000172575","事业编制人员工资支出","云南省福利彩票发行中心","2290804","福利彩票销售机构的业务费支出","30101","基本工资",{"v":1382000,"d":"1,382,000.00"},null,null,{"v":1382000,"d":"1,382,000.00"}]
["事业人员支出工资","530000221100000172575","事业编制人员工资支出","云南省福利彩票发行中心","2290804","福利彩票销售机构的业务费支出","30102","津贴补贴",{"v":500,"d":"500.00"},null,null,{"v":500,"d":"500.00"}]
["事业人员支出工资","530000221100000172575","事业编制人员工资支出","云南省福利彩票发行中心","2290804","福利彩票销售机构的业务费支出","30107","绩效工资",{"v":4103800,"d":"4,103,800.00"},null,null,{"v":4103800,"d":"4,103,800.00"}]
["合  计",{"$nulls":7},{"v":207714224.63,"d":"207,714,224.63"},null,null,{"v":161340000,"d":"161,340,000.00"},null,null,{"v":43724224.63,"d":"43,724,224.63"},null,null,{"v":2650000,"d":"2,650,000.00"},{"$nulls":4},{"v":2650000,"d":"2,650,000.00"}]

{"sheet":"部门项目支出绩效目标表05-2","index":8,"n_rows":48,"n_cols":10,"rows_kept":48,"merged":[[1,0,1,9],[2,0,2,7],[6,0,9,0],[6,1,9,1],[10,0,12,0],[10,1,12,1],[13,0,16,0],[13,1,16,1],[17,0,33,0],[17,1,33,1],[34,0,41,0],[34,1,41,1],[42,0,44,0],[42,1,44,1],[45,0,47,0],[45,1,47,1]]}
[{"$nulls":9},"预算05-2表"]
["2025年部门项目支出绩效目标表"]
["单位名称：云南省福利彩票发行中心"]
["单位名称、项目名称","项目年度绩效目标","一级指标","二级指标","三级指标","指标性质","指标值","度量单位","指标属性","指标内容"]
[1,2,3,4,5,6,7,8,9,10]
["云南省福利彩票发行中心"]
["福利彩票销售机构车辆购置及运维费","支持部门正常履职，保证单位工作正常开展。","产出指标","数量指标","保障公务用车数量",">=","7","辆","定量指标","反映公用经费保障部门（单位）正常运转的公务用车数量。公务用车包括编制内公务用车数量及年度新购置公务用车数量。"]
["福利彩票销售机构车辆购置及运维费","支持部门正常履职，保证单位工作正常开展。","产出指标","质量指标","公务用车运行维护费节约率",">=","0","%","定量指标","公务用车运行维护节约率=（上年公务用车平均运行维护费-本年公务用车平均运行维护费）÷上年公务用车平均运行维护费×100%\n公务用车平均运行维护费=公务用车运行维护费总额÷公务用车数量\n反映公务用车节约情况。"]
["福利彩票销售机构车辆购置及运维费","支持部门正常履职，保证单位工作正常开展。","效益指标","社会效益","部门运转","=","正常运转","项","定性指标","反映部门（单位）运转情况。"]
["福利彩票销售机构车辆购置及运维费","支持部门正常履职，保证单位工作正常开展。","满意度指标","服务对象满意度","单位人员满意度",">=","90","%","定量指标","反映部门（单位）人员对工资单位运转情况放的满意程度。"]
["福利彩票销售机构公务接待费","做好本部门公用经费保障，支持部门正常履职。","产出指标","质量指标","公务接待费节约率",">=","0","%","定量指标","公务接待费节约率=（上年公务接待费-本年公务接待费）÷上年公务接待费×100%"]
["福利彩票销售机构公务接待费","做好本部门公用经费保障，支持部门正常履职。","效益指标","社会效益","部门运转","=","正常运转","项","定性指标","反映部门（单位）运转情况。"]
["福利彩票销售机构公务接待费","做好本部门公用经费保障，支持部门正常履职。","满意度指标","服务对象满意度","单位人员满意度",">=","90","%","定性指标","反映部门（单位）人员对单位运转情况的满意程度。"]
["福利彩票销售机构其他运转类项目支出专项经费","按计划进行设备采购，投入使用，按时缴纳福利彩票销售体验大厅的水电费、物管费，保障销售体验大厅的正常运转。","产出指标","数量指标","购置投注机数量","=","1000","台","定量指标","反映投注机购置数量，投注机购置完成率=实际购置数量÷应购置数量×100%"]
["福利彩票销售机构其他运转类项目支出专项经费","按计划进行设备采购，投入使用，按时缴纳福利彩票销售体验大厅的水电费、物管费，保障销售体验大厅的正常运转。","产出指标","质量指标","购置设备利用率","=","100","%","定量指标","反映设备利用情况。\n设备利用率=（投入使用设备数/购置设备总数）*100%。"]
["福利彩票销售机构其他运转类项目支出专项经费","按计划进行设备采购，投入使用，按时缴纳福利彩票销售体验大厅的水电费、物管费，保障销售体验大厅的正常运转。","效益指标","社会效益","体验大厅正常运转数量",">=","2","个","定量指标","反映体验大厅运转情况。"]
["福利彩票销售机构其他运转类项目支出专项经费","按计划进行设备采购，投入使用，按时缴纳福利彩票销售体验大厅的水电费、物管费，保障销售体验大厅的正常运转。","满意度指标","服务对象满意度","彩票销售人员（站点）满意度",">=","85","%","定量指标","反映彩票销售人员（站点）对职能部门（单位）履职绩效的满意程度，通过问卷调查统计销售网点满意度。"]
["福利彩票销售机构业务项目支出专项经费","1、2025年度销售目标为85亿元；\n2、2025年度福彩公益金目标为27.72亿；\n3、2025年度上缴各类税收目标为1.75亿元；\n\n4、围绕“安全运行、健康发展”的工作方针，强化市场营销及宣传推广，努力完成年度销售任务；\n5、优化渠道建设，形成乐透数字型、即开型、基诺型各彩票玩法协调发展；\n6、完善基础工作，提升服务、管理水平，购彩者满意度≥80%，彩票销售人员（站点）满意度≥80%；\n7、加强对市场管理员日常管理，组织市场管理员开展业务培训，充分发挥市场管理员作用；\n8、确保彩票投注站点热敏打印纸供应充足，关注彩票库存，及时配送即开型彩票，保障彩票销售工作安全运行，热敏打印纸供应充足率达到100%，物流平台配送范围覆盖率≥90%；\n9、加强营销宣传，提升品牌形象，大力宣传福彩发行宗旨、文化内涵，各游戏、各票种的品牌特点、游戏规则、中奖情况、投注方式等，深入引导和推动社会各界认识福彩、了解福彩、参与福彩，达到平面媒体、户外媒体、广播媒体、电视媒体、官网官微五板块宣传媒体全覆盖。","产出指标","数量指标","单台投注机销售额",">=","110万元/年·台","万元","定量指标","反映单台投注机的销售情况。\n单台投注机销售额=投注机彩票销售总额/投注机有效开机总数。"]
["福利彩票销售机构业务项目支出专项经费","1、2025年度销售目标为85亿元；\n2、2025年度福彩公益金目标为27.72亿；\n3、2025年度上缴各类税收目标为1.75亿元；\n4、围绕“安全运行、健康发展”的工作方针，强化市场营销及宣传推广，努力完成年度销售任务；\n5、优化渠道建设，形成乐透数字型、即开型、基诺型各彩票玩法协调发展；\n6、完善基础工作，提升服务、管理水平，购彩者满意度≥80%，彩票销售人员（站点）满意度≥80%；\n7、加强对市场管理员日常管理，组织市场管理员开展业务培训，充分发挥市场管理员作用；\n8、确保彩票投注站点热敏打印纸供应充足，关注彩票库存，及时配送即开型彩票，保障彩票销售工作安全运行，热敏打印纸供应充足率达到100%，物流平台配送范围覆盖率≥90%；\n9、加强营销宣传，提升品牌形象，大力宣传福彩发行宗旨、文化内涵，各游戏、各票种的品牌特点、游戏规则、中奖情况、投注方式等，深入引导和推动社会各界认识福彩、了解福彩、参与福彩，达到平面媒体、户外媒体、广播媒体、电视媒体、官网官微五板块宣传媒体全覆盖。","产出指标","数量指标","全省福彩销售任务完成率",">=","100","%","定量指标","该指标反映我省福利彩票2024年销售预期情况。\n全省福彩销售任务完成率=全省福彩销售实际完成额÷计划完成额×100%"]
["福利彩票销售机构业务项目支出专项经费","1、2025年度销售目标为85亿元；\n2、2025年度福彩公益金目标为27.72亿；\n3、2025年度上缴各类税收目标为1.75亿元；\n4、围绕“安全运行、健康发展”的工作方针，强化市场营销及宣传推广，努力完成年度销售任务；\n5、优化渠道建设，形成乐透数字型、即开型、基诺型各彩票玩法协调发展；\n6、完善基础工作，提升服务、管理水平，购彩者满意度≥80%，彩票销售人员（站点）满意度≥80%；\n7、加强对市场管理员日常管理，组织市场管理员开展业务培训，充分发挥市场管理员作用；\n8、确保彩票投注站点热敏打印纸供应充足，关注彩票库存，及时配送即开型彩票，保障彩票销售工作安全运行，热敏打印纸供应充足率达到100%，物流平台配送范围覆盖率≥90%；\n9、加强营销宣传，提升品牌形象，大力宣传福彩发行宗旨、文化内涵，各游戏、各票种的品牌特点、游戏规则、中奖情况、投注方式等，深入引导和推动社会各界认识福彩、了解福彩、参与福彩，达到平面媒体、户外媒体、广播媒体、电视媒体、官网官微五板块宣传媒体全覆盖。","产出指标","数量指标","全年参与培训人次",">=","20000","人次","定量指标","反映省中心组织开展各类培训的人次。"]
["福利彩票销售机构业务项目支出专项经费","1、2025年度销售目标为85亿元；\n2、2025年度福彩公益金目标为27.72亿；\n3、2025年度上缴各类税收目标为1.75亿元；\n4、围绕“安全运行、健康发展”的工作方针，强化市场营销及宣传推广，努力完成年度销售任务；\n5、优化渠道建设，形成乐透数字型、即开型、基诺型各彩票玩法协调发展；\n6、完善基础工作，提升服务、管理水平，购彩者满意度≥80%，彩票销售人员（站点）满意度≥80%；\n7、加强对市场管理员日常管理，组织市场管理员开展业务培训，充分发挥市场管理员作用；\n8、确保彩票投注站点热敏打印纸供应充足，关注彩票库存，及时配送即开型彩票，保障彩票销售工作安全运行，热敏打印纸供应充足率达到100%，物流平台配送范围覆盖率≥90%；\n9、加强营销宣传，提升品牌形象，大力宣传福彩发行宗旨、文化内涵，各游戏、各票种的品牌特点、游戏规则、中奖情况、投注方式等，深入引导和推动社会各界认识福彩、了解福彩、参与福彩，达到平面媒体、户外媒体、广播媒体、电视媒体、官网官微五板块宣传媒体全覆盖。","产出指标","数量指标","媒体宣传稿件数",">=","1000","篇","定量指标","反映省中心在宣传媒体上发布和更新的宣传稿件数量。"]
["福利彩票销售机构业务项目支出专项经费","1、2025年度销售目标为85亿元；\n2、2025年度福彩公益金目标为27.72亿；\n3、2025年度上缴各类税收目标为1.75亿元；\n4、围绕“安全运行、健康发展”的工作方针，强化市场营销及宣传推广，努力完成年度销售任务；\n5、优化渠道建设，形成乐透数字型、即开型、基诺型各彩票玩法协调发展；\n6、完善基础工作，提升服务、管理水平，购彩者满意度≥80%，彩票销售人员（站点）满意度≥80%；\n7、加强对市场管理员日常管理，组织市场管理员开展业务培训，充分发挥市场管理员作用；\n8、确保彩票投注站点热敏打印纸供应充足，关注彩票库存，及时配送即开型彩票，保障彩票销售工作安全运行，热敏打印纸供应充足率达到100%，物流平台配送范围覆盖率≥90%；\n9、加强营销宣传，提升品牌形象，大力宣传福彩发行宗旨、文化内涵，各游戏、各票种的品牌特点、游戏规则、中奖情况、投注方式等，深入引导和推动社会各界认识福彩、了解福彩、参与福彩，达到平面媒体、户外媒体、广播媒体、电视媒体、官网官微五板块宣传媒体全覆盖。","产出指标","数量指标","物流平台配送范围覆盖率",">=","90","%","定量指标","反映即开型彩票物流平台配送范围的覆盖情况。\n覆盖率=（配送站点数量/即开型彩票销售站点总数）*100%\n覆盖率达90%以上为优秀，覆盖率达80%以上为合格，覆盖率为80%以下为不合格。"]
["福利彩票销售机构业务项目支出专项经费","1、2025年度销售目标为85亿元；\n2、2025年度福彩公益金目标为27.72亿；\n3、2025年度上缴各类税收目标为1.75亿元；\n4、围绕“安全运行、健康发展”的工作方针，强化市场营销及宣传推广，努力完成年度销售任务；\n5、优化渠道建设，形成乐透数字型、即开型、基诺型各彩票玩法协调发展；\n6、完善基础工作，提升服务、管理水平，购彩者满意度≥80%，彩票销售人员（站点）满意度≥80%；\n7、加强对市场管理员日常管理，组织市场管理员开展业务培训，充分发挥市场管理员作用；\n8、确保彩票投注站点热敏打印纸供应充足，关注彩票库存，及时配送即开型彩票，保障彩票销售工作安全运行，热敏打印纸供应充足率达到100%，物流平台配送范围覆盖率≥90%；\n9、加强营销宣传，提升品牌形象，大力宣传福彩发行宗旨、文化内涵，各游戏、各票种的品牌特点、游戏规则、中奖情况、投注方式等，深入引导和推动社会各界认识福彩、了解福彩、参与福彩，达到平面媒体、户外媒体、广播媒体、电视媒体、官网官微五板块宣传媒体全覆盖。","产出指标","数量指标","策划公益宣传主题活动","=","3","种","定量指标","反映策划公益宣传主题活动数量；策划公益宣传主题活动完成率=实际完成主题活动种类数/应完成主题活动种类数×100%"]
["福利彩票销售机构业务项目支出专项经费","1、2025年度销售目标为85亿元；\n2、2025年度福彩公益金目标为27.72亿；\n3、2025年度上缴各类税收目标为1.75亿元；\n4、围绕“安全运行、健康发展”的工作方针，强化市场营销及宣传推广，努力完成年度销售任务；\n5、优化渠道建设，形成乐透数字型、即开型、基诺型各彩票玩法协调发展；\n6、完善基础工作，提升服务、管理水平，购彩者满意度≥80%，彩票销售人员（站点）满意度≥80%；\n7、加强对市场管理员日常管理，组织市场管理员开展业务培训，充分发挥市场管理员作用；\n8、确保彩票投注站点热敏打印纸供应充足，关注彩票库存，及时配送即开型彩票，保障彩票销售工作安全运行，热敏打印纸供应充足率达到100%，物流平台配送范围覆盖率≥90%；\n9、加强营销宣传，提升品牌形象，大力宣传福彩发行宗旨、文化内涵，各游戏、各票种的品牌特点、游戏规则、中奖情况、投注方式等，深入引导和推动社会各界认识福彩、了解福彩、参与福彩，达到平面媒体、户外媒体、广播媒体、电视媒体、官网官微五板块宣传媒体全覆盖。","产出指标","质量指标","热敏打印纸供应充足率","=","100","%","定量指标","反映热敏打印纸的供应情况。热敏打印纸供应充足、及时，全年不存在断纸的情况。"]
["福利彩票销售机构业务项目支出专项经费","1、2025年度销售目标为85亿元；\n2、2025年度福彩公益金目标为27.72亿；\n3、2025年度上缴各类税收目标为1.75亿元；\n4、围绕“安全运行、健康发展”的工作方针，强化市场营销及宣传推广，努力完成年度销售任务；\n5、优化渠道建设，形成乐透数字型、即开型、基诺型各彩票玩法协调发展；\n6、完善基础工作，提升服务、管理水平，购彩者满意度≥80%，彩票销售人员（站点）满意度≥80%；\n7、加强对市场管理员日常管理，组织市场管理员开展业务培训，充分发挥市场管理员作用；\n8、确保彩票投注站点热敏打印纸供应充足，关注彩票库存，及时配送即开型彩票，保障彩票销售工作安全运行，热敏打印纸供应充足率达到100%，物流平台配送范围覆盖率≥90%；\n9、加强营销宣传，提升品牌形象，大力宣传福彩发行宗旨、文化内涵，各游戏、各票种的品牌特点、游戏规则、中奖情况、投注方式等，深入引导和推动社会各界认识福彩、了解福彩、参与福彩，达到平面媒体、户外媒体、广播媒体、电视媒体、官网官微五板块宣传媒体全覆盖。","产出指标","质量指标","销售网点开机率",">=","90","%","定量指标","反映彩票销售网点营业情况。销售网点开机率=全年平均有效开机数/年末投注机总数。"]
["福利彩票销售机构业务项目支出专项经费","1、2025年度销售目标为85亿元；\n2、2025年度福彩公益金目标为27.72亿；\n3、2025年度上缴各类税收目标为1.75亿元；\n4、围绕“安全运行、健康发展”的工作方针，强化市场营销及宣传推广，努力完成年度销售任务；\n5、优化渠道建设，形成乐透数字型、即开型、基诺型各彩票玩法协调发展；\n6、完善基础工作，提升服务、管理水平，购彩者满意度≥80%，彩票销售人员（站点）满意度≥80%；\n7、加强对市场管理员日常管理，组织市场管理员开展业务培训，充分发挥市场管理员作用；\n8、确保彩票投注站点热敏打印纸供应充足，关注彩票库存，及时配送即开型彩票，保障彩票销售工作安全运行，热敏打印纸供应充足率达到100%，物流平台配送范围覆盖率≥90%；\n9、加强营销宣传，提升品牌形象，大力宣传福彩发行宗旨、文化内涵，各游戏、各票种的品牌特点、游戏规则、中奖情况、投注方式等，深入引导和推动社会各界认识福彩、了解福彩、参与福彩，达到平面媒体、户外媒体、广播媒体、电视媒体、官网官微五板块宣传媒体全覆盖。","产出指标","质量指标","北斗定位及监控系统正常运行率",">=","90","%","定量指标","根据彩票投注站点北斗定位及监控系统正常运行的情况，使用实际中发生故障及时完成维修响应的情况确定。北斗定位及监控系统正常运行率=正常使用的北斗定位及监控设备/已安装北斗定位及监控设别的站点总数量×100%"]
["福利彩票销售机构业务项目支出专项经费","1、2025年度销售目标为85亿元；\n2、2025年度福彩公益金目标为27.72亿；\n3、2025年度上缴各类税收目标为1.75亿元；\n4、围绕“安全运行、健康发展”的工作方针，强化市场营销及宣传推广，努力完成年度销售任务；\n5、优化渠道建设，形成乐透数字型、即开型、基诺型各彩票玩法协调发展；\n6、完善基础工作，提升服务、管理水平，购彩者满意度≥80%，彩票销售人员（站点）满意度≥80%；\n7、加强对市场管理员日常管理，组织市场管理员开展业务培训，充分发挥市场管理员作用；\n8、确保彩票投注站点热敏打印纸供应充足，关注彩票库存，及时配送即开型彩票，保障彩票销售工作安全运行，热敏打印纸供应充足率达到100%，物流平台配送范围覆盖率≥90%；\n9、加强营销宣传，提升品牌形象，大力宣传福彩发行宗旨、文化内涵，各游戏、各票种的品牌特点、游戏规则、中奖情况、投注方式等，深入引导和推动社会各界认识福彩、了解福彩、参与福彩，达到平面媒体、户外媒体、广播媒体、电视媒体、官网官微五板块宣传媒体全覆盖。","产出指标","时效指标","即开型彩票订单配送及时率",">=","95","%","定量指标","反映即开型彩票费配送及时情况。\n指标标准：昆明市城区内及市州城区的销售网点在订票之日起（不含订票日）2日内送达；昆明市城区外及县级城市的销售网点在订票之日起（不含订票日）3日内送达；市州乡镇的销售网点在订票之日起(不含订票日）4日内送达。偏远/山区乡镇的销售网点在订票之日起(不含订票日）7日内送达。95%以上订单达到配送标准为优秀；85%以上订单达到配送标准为合格；达到配送标准的订单不足85%则未不合格。\n彩票配送及时率=按时配送彩票数/配送彩票总数*100%"]
["福利彩票销售机构业务项目支出专项经费","1、2025年度销售目标为85亿元；\n2、2025年度福彩公益金目标为27.72亿；\n3、2025年度上缴各类税收目标为1.75亿元；\n4、围绕“安全运行、健康发展”的工作方针，强化市场营销及宣传推广，努力完成年度销售任务；\n5、优化渠道建设，形成乐透数字型、即开型、基诺型各彩票玩法协调发展；\n6、完善基础工作，提升服务、管理水平，购彩者满意度≥80%，彩票销售人员（站点）满意度≥80%；\n7、加强对市场管理员日常管理，组织市场管理员开展业务培训，充分发挥市场管理员作用；\n8、确保彩票投注站点热敏打印纸供应充足，关注彩票库存，及时配送即开型彩票，保障彩票销售工作安全运行，热敏打印纸供应充足率达到100%，物流平台配送范围覆盖率≥90%；\n9、加强营销宣传，提升品牌形象，大力宣传福彩发行宗旨、文化内涵，各游戏、各票种的品牌特点、游戏规则、中奖情况、投注方式等，深入引导和推动社会各界认识福彩、了解福彩、参与福彩，达到平面媒体、户外媒体、广播媒体、电视媒体、官网官微五板块宣传媒体全覆盖。","产出指标","时效指标","福彩销售终端设备维护及时率",">=","95","%","定量指标","根据彩票投注站点实际终端机发生故障情况，及完成维修响应的时间统计情况确定，确保销售终端机设备故障能够及时进行修复，保障投注站点销售彩票工作正常开展。\n市区内投注站投注机故障24小时内完成维修服务，市郊及所辖县站点投注机故障48小时内完成维修服务，得满分；\n市区内投注站投注机故障48小时内完成维修服务，市郊及所辖县站点投注机故障72小时内完成维修服务，得分等于投注机维护完成率/100%×80%×分值；\n市区内投注站投注机故障超过48小时完成维修服务，市郊及所辖县站点投注机故障超过72小时完成维修服务，不得分。\n福彩销售终端设备维护及时率=按时完成维修数/保修总数*100%"]
["福利彩票销售机构业务项目支出专项经费","1、2025年度销售目标为85亿元；\n2、2025年度福彩公益金目标为27.72亿；\n3、2025年度上缴各类税收目标为1.75亿元；\n4、围绕“安全运行、健康发展”的工作方针，强化市场营销及宣传推广，努力完成年度销售任务；\n5、优化渠道建设，形成乐透数字型、即开型、基诺型各彩票玩法协调发展；\n6、完善基础工作，提升服务、管理水平，购彩者满意度≥80%，彩票销售人员（站点）满意度≥80%；\n7、加强对市场管理员日常管理，组织市场管理员开展业务培训，充分发挥市场管理员作用；\n8、确保彩票投注站点热敏打印纸供应充足，关注彩票库存，及时配送即开型彩票，保障彩票销售工作安全运行，热敏打印纸供应充足率达到100%，物流平台配送范围覆盖率≥90%；\n9、加强营销宣传，提升品牌形象，大力宣传福彩发行宗旨、文化内涵，各游戏、各票种的品牌特点、游戏规则、中奖情况、投注方式等，深入引导和推动社会各界认识福彩、了解福彩、参与福彩，达到平面媒体、户外媒体、广播媒体、电视媒体、官网官微五板块宣传媒体全覆盖。","效益指标","经济效益","福利彩票销售增长率",">=","1.00","%","定量指标","彩票销售增长率 =（实际销售金额/上年销售金额-1）×100%"]
["福利彩票销售机构业务项目支出专项经费","1、2025年度销售目标为85亿元；\n2、2025年度福彩公益金目标为27.72亿；\n3、2025年度上缴各类税收目标为1.75亿元；\n4、围绕“安全运行、健康发展”的工作方针，强化市场营销及宣传推广，努力完成年度销售任务；\n5、优化渠道建设，形成乐透数字型、即开型、基诺型各彩票玩法协调发展；\n6、完善基础工作，提升服务、管理水平，购彩者满意度≥80%，彩票销售人员（站点）满意度≥80%；\n7、加强对市场管理员日常管理，组织市场管理员开展业务培训，充分发挥市场管理员作用；\n8、确保彩票投注站点热敏打印纸供应充足，关注彩票库存，及时配送即开型彩票，保障彩票销售工作安全运行，热敏打印纸供应充足率达到100%，物流平台配送范围覆盖率≥90%；\n9、加强营销宣传，提升品牌形象，大力宣传福彩发行宗旨、文化内涵，各游戏、各票种的品牌特点、游戏规则、中奖情况、投注方式等，深入引导和推动社会各界认识福彩、了解福彩、参与福彩，达到平面媒体、户外媒体、广播媒体、电视媒体、官网官微五板块宣传媒体全覆盖。","效益指标","社会效益","带动就业人数增长率",">=","1.50","%","定量指标","反映福利彩票机构稳定就业情况。"]
["福利彩票销售机构业务项目支出专项经费","1、2025年度销售目标为85亿元；\n2、2025年度福彩公益金目标为27.72亿；\n3、2025年度上缴各类税收目标为1.75亿元；\n4、围绕“安全运行、健康发展”的工作方针，强化市场营销及宣传推广，努力完成年度销售任务；\n5、优化渠道建设，形成乐透数字型、即开型、基诺型各彩票玩法协调发展；\n6、完善基础工作，提升服务、管理水平，购彩者满意度≥80%，彩票销售人员（站点）满意度≥80%；\n7、加强对市场管理员日常管理，组织市场管理员开展业务培训，充分发挥市场管理员作用；\n8、确保彩票投注站点热敏打印纸供应充足，关注彩票库存，及时配送即开型彩票，保障彩票销售工作安全运行，热敏打印纸供应充足率达到100%，物流平台配送范围覆盖率≥90%；\n9、加强营销宣传，提升品牌形象，大力宣传福彩发行宗旨、文化内涵，各游戏、各票种的品牌特点、游戏规则、中奖情况、投注方式等，深入引导和推动社会各界认识福彩、了解福彩、参与福彩，达到平面媒体、户外媒体、广播媒体、电视媒体、官网官微五板块宣传媒体全覆盖。","效益指标","社会效益","福利彩票票种、福彩形象、彩票公益宣传媒体覆盖面","=","5","种","定量指标","通过平面媒体、户外媒体、广播媒体、电视媒体、官网官微等五个板块宣传媒体宣传覆盖，提升我省福利彩票品牌形象和游戏知名度。"]
["福利彩票销售机构业务项目支出专项经费","1、2025年度销售目标为85亿元；\n2、2025年度福彩公益金目标为27.72亿；\n3、2025年度上缴各类税收目标为1.75亿元；\n4、围绕“安全运行、健康发展”的工作方针，强化市场营销及宣传推广，努力完成年度销售任务；\n5、优化渠道建设，形成乐透数字型、即开型、基诺型各彩票玩法协调发展；\n6、完善基础工作，提升服务、管理水平，购彩者满意度≥80%，彩票销售人员（站点）满意度≥80%；\n7、加强对市场管理员日常管理，组织市场管理员开展业务培训，充分发挥市场管理员作用；\n8、确保彩票投注站点热敏打印纸供应充足，关注彩票库存，及时配送即开型彩票，保障彩票销售工作安全运行，热敏打印纸供应充足率达到100%，物流平台配送范围覆盖率≥90%；\n9、加强营销宣传，提升品牌形象，大力宣传福彩发行宗旨、文化内涵，各游戏、各票种的品牌特点、游戏规则、中奖情况、投注方式等，深入引导和推动社会各界认识福彩、了解福彩、参与福彩，达到平面媒体、户外媒体、广播媒体、电视媒体、官网官微五板块宣传媒体全覆盖。","效益指标","社会效益","福彩彩票公益金筹集目标完成率",">=","100","%","定量指标","反映部门年度筹集公益金情况。筹集彩票公益金目标完成率=（实际筹集公益金数/预计筹集公益金数）×100%。"]
["福利彩票销售机构业务项目支出专项经费","1、2025年度销售目标为85亿元；\n2、2025年度福彩公益金目标为27.72亿；\n3、2025年度上缴各类税收目标为1.75亿元；\n4、围绕“安全运行、健康发展”的工作方针，强化市场营销及宣传推广，努力完成年度销售任务；\n5、优化渠道建设，形成乐透数字型、即开型、基诺型各彩票玩法协调发展；\n6、完善基础工作，提升服务、管理水平，购彩者满意度≥80%，彩票销售人员（站点）满意度≥80%；\n7、加强对市场管理员日常管理，组织市场管理员开展业务培训，充分发挥市场管理员作用；\n8、确保彩票投注站点热敏打印纸供应充足，关注彩票库存，及时配送即开型彩票，保障彩票销售工作安全运行，热敏打印纸供应充足率达到100%，物流平台配送范围覆盖率≥90%；\n9、加强营销宣传，提升品牌形象，大力宣传福彩发行宗旨、文化内涵，各游戏、各票种的品牌特点、游戏规则、中奖情况、投注方式等，深入引导和推动社会各界认识福彩、了解福彩、参与福彩，达到平面媒体、户外媒体、广播媒体、电视媒体、官网官微五板块宣传媒体全覆盖。","满意度指标","服务对象满意度","彩票销售人员（站点）满意度",">=","85","%","定量指标","反映彩票销售人员（站点）对职能部门（单位）履职绩效的满意程度，通过问卷调查统计销售网点满意度。"]
["福利彩票销售机构业务项目支出专项经费","1、2025年度销售目标为85亿元；\n2、2025年度福彩公益金目标为27.72亿；\n3、2025年度上缴各类税收目标为1.75亿元；\n4、围绕“安全运行、健康发展”的工作方针，强化市场营销及宣传推广，努力完成年度销售任务；\n5、优化渠道建设，形成乐透数字型、即开型、基诺型各彩票玩法协调发展；\n6、完善基础工作，提升服务、管理水平，购彩者满意度≥80%，彩票销售人员（站点）满意度≥80%；\n7、加强对市场管理员日常管理，组织市场管理员开展业务培训，充分发挥市场管理员作用；\n8、确保彩票投注站点热敏打印纸供应充足，关注彩票库存，及时配送即开型彩票，保障彩票销售工作安全运行，热敏打印纸供应充足率达到100%，物流平台配送范围覆盖率≥90%；\n9、加强营销宣传，提升品牌形象，大力宣传福彩发行宗旨、文化内涵，各游戏、各票种的品牌特点、游戏规则、中奖情况、投注方式等，深入引导和推动社会各界认识福彩、了解福彩、参与福彩，达到平面媒体、户外媒体、广播媒体、电视媒体、官网官微五板块宣传媒体全覆盖。","满意度指标","服务对象满意度","购彩者满意度",">=","85","%","定量指标","反映服务对象对职能部门（单位）履职绩效的满意程度，通过问卷调查统计购彩者满意度。"]
["福利彩票销售机构日常公用经费","做好本部门人员、公用经费保障，按规定落实干部职工各项待遇，支持部门正常履职。","产出指标","数量指标","公用经费保障人数",">=","53","人","定量指标","反映公用经费保障部门（单位）正常运转的在职人数情况。在职人数主要指办公、会议、培训、差旅、水费、电费等公用经费中服务保障的人数。"]
["福利彩票销售机构日常公用经费","做好本部门人员、公用经费保障，按规定落实干部职工各项待遇，支持部门正常履职。","产出指标","数量指标","公用经费保障物业管理面积",">=","3871.05","平方米","定量指标","反映公用经费保障部门（单位）实际物业管理面积。物业管理的面积数包括工作人员办公室面积、单位负责管理的公共物业面积、电梯及办公设备等。"]
["福利彩票销售机构日常公用经费","做好本部门人员、公用经费保障，按规定落实干部职工各项待遇，支持部门正常履职。","产出指标","数量指标","全省福利彩票工作会议参会人数","<=","80","人次","定量指标","反映全省福利彩票工作会议召开情况。"]
["福利彩票销售机构日常公用经费","做好本部门人员、公用经费保障，按规定落实干部职工各项待遇，支持部门正常履职。","产出指标","数量指标","全省福彩年中分析会议参会人数","<=","80","人次","定量指标","反映全省福彩年中分析会议召开情况。"]
["福利彩票销售机构日常公用经费","做好本部门人员、公用经费保障，按规定落实干部职工各项待遇，支持部门正常履职。","产出指标","数量指标","设施设备（系统）发生故障次数","<=","3","次","定量指标","反映电梯、空调、消防、安保、会议系统等设施设备发生故障的情况。"]
["福利彩票销售机构日常公用经费","做好本部门人员、公用经费保障，按规定落实干部职工各项待遇，支持部门正常履职。","产出指标","数量指标","审计项目完成数量",">=","3","项","定量指标","反映合同、采购等专项审计及年报审计项目完成情况。"]
["福利彩票销售机构日常公用经费","做好本部门人员、公用经费保障，按规定落实干部职工各项待遇，支持部门正常履职。","效益指标","社会效益","部门运转","=","正常运转","项","定性指标","反映部门（单位）运转情况。"]
["福利彩票销售机构日常公用经费","做好本部门人员、公用经费保障，按规定落实干部职工各项待遇，支持部门正常履职。","满意度指标","服务对象满意度","单位人员满意度",">=","90","%","定量指标","反映部门（单位）人员对部门运转情况的满意程度。"]
["福利彩票销售机构工会经费","做好本部门公用经费保障，按规定落实干部职工各项待遇。","产出指标","数量指标","工会经费保障人数",">=","53","人","定量指标","反映部门（单位）实际工会经费保障人员数量，用于为职工服务和开展工会活动。"]
["福利彩票销售机构工会经费","做好本部门公用经费保障，按规定落实干部职工各项待遇。","效益指标","社会效益","部门运转","=","正常运转","项","定性指标","反映部门（单位）运转情况。"]
["福利彩票销售机构工会经费","做好本部门公用经费保障，按规定落实干部职工各项待遇。","满意度指标","服务对象满意度","单位人员满意度",">=","90","%","定量指标","反映部门（单位）人员对工资福利发放的满意程度。"]
["福利彩票销售机构专业信息系统运行维护专项经费","\n保障数据机房正常运转，做好各类信息系统管理应用整合改造工作，各类系统的运行维护工作以及福利彩票销售系统升级改造工作，保证机房系统正常运行。","产出指标","质量指标","福利彩票数据及资金安全率",">=","99","%","定量指标","反映福彩系统数据安全及销售资金安全管理情况。福利彩票数据及资金安全率=福彩系统数据安全及彩票资金安全管理天数/全年运行总天数*100%"]
["福利彩票销售机构专业信息系统运行维护专项经费","保障数据机房正常运转，做好各类信息系统管理应用整合改造工作，各类系统的运行维护工作以及福利彩票销售系统升级改造工作，保证机房系统正常运行。","效益指标","社会效益","系统及网络稳定运行率",">=","99","%","定量指标","反映福彩系统及网络良好稳定运行的情况。系统及网络稳定运行率=稳定运行天数/全年运行总天数*100%"]
["福利彩票销售机构专业信息系统运行维护专项经费","保障数据机房正常运转，做好各类信息系统管理应用整合改造工作，各类系统的运行维护工作以及福利彩票销售系统升级改造工作，保证机房系统正常运行。","满意度指标","服务对象满意度","彩票销售人员（站点）满意度",">=","85","%","定量指标","反映彩票销售人员（站点）对职能部门（单位）履职绩效的满意程度，通过问卷调查统计销售网点满意度。"]

{"sheet":"部门政府性基金预算支出预算表06","index":9,"n_rows":11,"n_cols":6,"rows_kept":11,"merged":[[1,0,1,5],[3,0,4,0],[3,1,4,1],[3,2,4,2],[3,3,3,5],[10,0,10,2]]}
[{"$nulls":5},"预算06表"]
["2025年部门政府性基金预算支出预算表"]
["单位名称：云南省福利彩票发行中心",{"$nulls":4},"单位:元"]
["单位名称","科目编码","科目名称","政府性基金预算支出"]
[{"$nulls":3},"合计","基本支出","项目支出"]
[1,2,3,4,5,6]
["云南省福利彩票发行中心","229","其他支出",{"v":205064224.63,"d":"205,064,224.63"},null,{"v":205064224.63,"d":"205,064,224.63"}]
["云南省福利彩票发行中心","22908","彩票发行销售机构业务费安排的支出",{"v":205064224.63,"d":"205,064,224.63"},null,{"v":205064224.63,"d":"205,064,224.63"}]
["云南省福利彩票发行中心","2290804","福利彩票销售机构的业务费支出",{"v":197851604.63,"d":"197,851,604.63"},null,{"v":197851604.63,"d":"197,851,604.63"}]
["云南省福利彩票发行中心","2290808","彩票市场调控资金支出",{"v":7212620,"d":"7,212,620.00"},null,{"v":7212620,"d":"7,212,620.00"}]
["合  计",null,"合  计",{"v":205064224.63,"d":"205,064,224.63"},null,{"v":205064224.63,"d":"205,064,224.63"}]

{"sheet":"部门政府采购预算表07","index":10,"n_rows":82,"n_cols":17,"rows_kept":82,"merged":[[1,0,1,16],[2,0,2,5],[3,0,5,0],[3,1,5,1],[3,2,5,2],[3,3,5,3],[3,4,5,4],[3,5,5,5],[3,6,3,16],[4,6,5,6],[4,7,5,7],[4,8,5,8],[4,9,5,9],[4,10,5,10],[4,11,4,16],[81,0,81,4]]}
[{"$nulls":16},"预算07表"]
["2025年部门政府采购预算表"]
["单位名称：云南省福利彩票发行中心",{"$nulls":15},"单位：元"]
["预算项目","采购项目","采购目录","计量\n单位","数量","面向中小企业预留资金","资金来源"]
[{"$nulls":6},"合计","一般公共预算","政府性\n基金","国有资本经营收益","财政专户管理的收入","单位自筹"]
[{"$nulls":7},"小计",{"$nulls":3},"小计","事业收入","事业单位\n经营收入","上级补助收入","附属单位上缴收入","其他收入"]
[1,2,3,4,5,6,7,8,9,10,11,12,13,14,15,16,17]
["云南省福利彩票发行中心",{"$nulls":4},{"v":75884600,"d":"75,884,600.00"},{"v":122551405,"d":"122,551,405.00"},null,{"v":122551405,"d":"122,551,405.00"}]
["福利彩票销售机构业务项目支出专项经费","安保服务费","C05040300 保安服务","年",1,{"v":170000,"d":"170,000.00"},{"v":170000,"d":"170,000.00"},null,{"v":170000,"d":"170,000.00"}]
["福利彩票销售机构业务项目支出专项经费","2025年中福在线投注终端仓储项目","C15100000 仓储服务","年",1,null,{"v":580000,"d":"580,000.00"},null,{"v":580000,"d":"580,000.00"}]
["福利彩票销售机构业务项目支出专项经费","全省即开票营销活动促销品采购（3）","A02091600 传声器、扬声器、耳塞机","批",1,null,{"v":630000,"d":"630,000.00"},null,{"v":630000,"d":"630,000.00"}]
["福利彩票销售机构业务项目支出专项经费","北斗定位及视频监控管理系统云存储空间租用费（2025年）","C16030100 存储服务","年",1,null,{"v":1968000,"d":"1,968,000.00"},null,{"v":1968000,"d":"1,968,000.00"}]
["福利彩票销售机构业务项目支出专项经费","2025年云南广播电视台云南福彩公益栏目宣传合作","C23070200 公共公益宣传服务","项",1,null,{"v":300000,"d":"300,000.00"},null,{"v":300000,"d":"300,000.00"}]
["福利彩票销售机构业务项目支出专项经费","“爱与福彩”——云南福彩有奖征文、短视频比赛主题宣传活动","C23070200 公共公益宣传服务","项",1,null,{"v":240000,"d":"240,000.00"},null,{"v":240000,"d":"240,000.00"}]
["福利彩票销售机构业务项目支出专项经费","公益同心 福彩同行——“福彩公益健康跑”主题宣传活动","C23070200 公共公益宣传服务","项",1,null,{"v":1000000,"d":"1,000,000.00"},null,{"v":1000000,"d":"1,000,000.00"}]
["福利彩票销售机构业务项目支出专项经费","云南福彩“嘉年华”公益宣传活动","C23070200 公共公益宣传服务","项",1,null,{"v":930000,"d":"930,000.00"},null,{"v":930000,"d":"930,000.00"}]
["福利彩票销售机构业务项目支出专项经费","直管综合体验厅公益营销宣传","C23070200 公共公益宣传服务","项",1,null,{"v":400000,"d":"400,000.00"},null,{"v":400000,"d":"400,000.00"}]
["福利彩票销售机构业务项目支出专项经费","“中国福彩 一起造福”品牌地铁形象广告宣传项目","C23150000 广告宣传服务","项",1,null,{"v":800000,"d":"800,000.00"},null,{"v":800000,"d":"800,000.00"}]
["福利彩票销售机构业务项目支出专项经费","“中国福彩 一起造福”品牌机场形象广告宣传项目","C23150000 广告宣传服务","项",1,null,{"v":700000,"d":"700,000.00"},null,{"v":700000,"d":"700,000.00"}]
["福利彩票销售机构业务项目支出专项经费","“中国福彩 一起造福”品牌云南省内高铁站内形象广告宣传项目","C23150000 广告宣传服务","项",1,null,{"v":500000,"d":"500,000.00"},null,{"v":500000,"d":"500,000.00"}]
["福利彩票销售机构业务项目支出专项经费","全省即开票营销活动促销品采购（2）","A02061820 美容电器","批",1,null,{"v":540000,"d":"540,000.00"},null,{"v":540000,"d":"540,000.00"}]
["福利彩票销售机构业务项目支出专项经费","热敏打印纸（追加合同）","A05040105 票据","项",1,{"v":2380000,"d":"2,380,000.00"},{"v":2380000,"d":"2,380,000.00"},null,{"v":2380000,"d":"2,380,000.00"}]
["福利彩票销售机构业务项目支出专项经费","热敏打印纸","C23090102 票据印刷服务","项",1,{"v":31000000,"d":"31,000,000.00"},{"v":31000000,"d":"31,000,000.00"},null,{"v":31000000,"d":"31,000,000.00"}]
["福利彩票销售机构业务项目支出专项经费","全省投注机保险","C1804010299 其他财产保险服务","年",1,null,{"v":471500,"d":"471,500.00"},null,{"v":471500,"d":"471,500.00"}]
["福利彩票销售机构业务项目支出专项经费","市场管理员劳务派遣服务采购项目","C99000000 其他服务","年",1,null,{"v":1440000,"d":"1,440,000.00"},null,{"v":1440000,"d":"1,440,000.00"}]
["福利彩票销售机构业务项目支出专项经费","综合体验厅经营人员劳务派遣服务采购项目","C99000000 其他服务","项",1,{"v":576000,"d":"576,000.00"},{"v":576000,"d":"576,000.00"},null,{"v":576000,"d":"576,000.00"}]
["福利彩票销售机构业务项目支出专项经费","与《国家彩票》杂志宣传合作","C23079900 其他公共信息与宣传服务","项",1,null,{"v":150000,"d":"150,000.00"},null,{"v":150000,"d":"150,000.00"}]
["福利彩票销售机构业务项目支出专项经费","与《中国社会报》开展宣传合作","C23079900 其他公共信息与宣传服务","项",1,null,{"v":478400,"d":"478,400.00"},null,{"v":478400,"d":"478,400.00"}]
["福利彩票销售机构业务项目支出专项经费","2025年云南省福利彩票发行中心资产清查费","C20029900 其他鉴证服务","项",1,null,{"v":2000000,"d":"2,000,000.00"},null,{"v":2000000,"d":"2,000,000.00"}]
["福利彩票销售机构业务项目支出专项经费","物流及仓储费（第一年）","C15990000 其他交通运输、仓储服务","项",1,null,{"v":2400000,"d":"2,400,000.00"},null,{"v":2400000,"d":"2,400,000.00"}]
["福利彩票销售机构业务项目支出专项经费","设计编印及配送《2024年度社会责任报告》","C23990000 其他商务服务","项",1,{"v":130000,"d":"130,000.00"},{"v":130000,"d":"130,000.00"},null,{"v":130000,"d":"130,000.00"}]
["福利彩票销售机构业务项目支出专项经费","代销合同、代销证、申请书等印刷费","C2309019999 其他印刷服务","年",1,{"v":71000,"d":"71,000.00"},{"v":71000,"d":"71,000.00"},null,{"v":71000,"d":"71,000.00"}]
["福利彩票销售机构业务项目支出专项经费","即开票刮板采购","A05029900 其他用具","批",1,null,{"v":90000,"d":"90,000.00"},null,{"v":90000,"d":"90,000.00"}]
["福利彩票销售机构业务项目支出专项经费","全省即开票营销活动促销品采购（1）","A05029900 其他用具","批",1,null,{"v":350000,"d":"350,000.00"},null,{"v":350000,"d":"350,000.00"}]
["福利彩票销售机构业务项目支出专项经费","全省即开票营销活动促销品采购（4）","A05029900 其他用具","批",1,null,{"v":280000,"d":"280,000.00"},null,{"v":280000,"d":"280,000.00"}]
["福利彩票销售机构业务项目支出专项经费","北斗定位及视频监控管理系统运行维护费（2025年）","C16079900 其他运行维护服务","年",1,{"v":1728000,"d":"1,728,000.00"},{"v":1728000,"d":"1,728,000.00"},null,{"v":1728000,"d":"1,728,000.00"}]
["福利彩票销售机构业务项目支出专项经费","2025年即开型福利彩票综合运营管理服务项目（第一年）","C16089900 其他运营服务","年",1,null,{"v":10000000,"d":"10,000,000.00"},null,{"v":10000000,"d":"10,000,000.00"}]
["福利彩票销售机构业务项目支出专项经费","云南省福利彩票发行中心2025年云南福彩APP运营项目","C16089900 其他运营服务","年",1,null,{"v":5000000,"d":"5,000,000.00"},null,{"v":5000000,"d":"5,000,000.00"}]
["福利彩票销售机构业务项目支出专项经费","2025年云南福彩公益金宣传短视频制作","C19990000 其他专业技术服务","项",1,null,{"v":300000,"d":"300,000.00"},null,{"v":300000,"d":"300,000.00"}]
["福利彩票销售机构业务项目支出专项经费","电脑票2023年-2025年市场营销、广告投放及业务培训专用技术服务采购（第三年）","C19990000 其他专业技术服务","项",1,{"v":27800000,"d":"27,800,000.00"},{"v":27800000,"d":"27,800,000.00"},null,{"v":27800000,"d":"27,800,000.00"}]
["福利彩票销售机构业务项目支出专项经费","资产盘点小程序运维服务费","C16070300 软件运维服务","项",1,{"v":45600,"d":"45,600.00"},{"v":45600,"d":"45,600.00"},null,{"v":45600,"d":"45,600.00"}]
["福利彩票销售机构业务项目支出专项经费","投注机维护费","C16070200 硬件运维服务","年",1,{"v":5400000,"d":"5,400,000.00"},{"v":5400000,"d":"5,400,000.00"},null,{"v":5400000,"d":"5,400,000.00"}]
["福利彩票销售机构日常公用经费","印刷费","C2309019999 其他印刷服务","年",1,{"v":6000,"d":"6,000.00"},{"v":6000,"d":"6,000.00"},null,{"v":6000,"d":"6,000.00"}]
["福利彩票销售机构日常公用经费","物业管理费","C21040001 物业管理服务","年",1,null,{"v":1208630,"d":"1,208,630.00"},null,{"v":1208630,"d":"1,208,630.00"}]
["福利彩票销售机构其他运转类项目支出专项经费","保险柜","A05010504 保密柜","个",2,null,{"v":7000,"d":"7,000.00"},null,{"v":7000,"d":"7,000.00"}]
["福利彩票销售机构其他运转类项目支出专项经费","茶水柜","A05010505 茶水柜","个",2,null,{"v":2520,"d":"2,520.00"},null,{"v":2520,"d":"2,520.00"}]
["福利彩票销售机构其他运转类项目支出专项经费","防火墙设备（安全建设）","A02010301 防火墙","台",2,null,{"v":150000,"d":"150,000.00"},null,{"v":150000,"d":"150,000.00"}]
["福利彩票销售机构其他运转类项目支出专项经费","服务器","A02010104 服务器","台",2,null,{"v":78000,"d":"78,000.00"},null,{"v":78000,"d":"78,000.00"}]
["福利彩票销售机构其他运转类项目支出专项经费","会议椅","A05010303 会议椅","批",1,null,{"v":30785,"d":"30,785.00"},null,{"v":30785,"d":"30,785.00"}]
["福利彩票销售机构其他运转类项目支出专项经费","无纸化化会议系统会议椅","A05010303 会议椅","批",1,null,{"v":10400,"d":"10,400.00"},null,{"v":10400,"d":"10,400.00"}]
["福利彩票销售机构其他运转类项目支出专项经费","会议桌","A05010202 会议桌","批",1,null,{"v":18150,"d":"18,150.00"},null,{"v":18150,"d":"18,150.00"}]
["福利彩票销售机构其他运转类项目支出专项经费","无纸化化会议系统会议桌","A05010202 会议桌","批",1,null,{"v":32000,"d":"32,000.00"},null,{"v":32000,"d":"32,000.00"}]
["福利彩票销售机构其他运转类项目支出专项经费","操作系统","A08060301 基础软件","套",2,null,{"v":20000,"d":"20,000.00"},null,{"v":20000,"d":"20,000.00"}]
["福利彩票销售机构其他运转类项目支出专项经费","高可用灾备管理软件","A08060301 基础软件","套",2,null,{"v":96000,"d":"96,000.00"},null,{"v":96000,"d":"96,000.00"}]
["福利彩票销售机构其他运转类项目支出专项经费","数据库","A08060301 基础软件","套",2,null,{"v":74000,"d":"74,000.00"},null,{"v":74000,"d":"74,000.00"}]
["福利彩票销售机构其他运转类项目支出专项经费","中间件","A08060301 基础软件","套",2,null,{"v":64000,"d":"64,000.00"},null,{"v":64000,"d":"64,000.00"}]
["福利彩票销售机构其他运转类项目支出专项经费","销售系统扩容设备","A02010599 其他存储设备","批",1,null,{"v":230000,"d":"230,000.00"},null,{"v":230000,"d":"230,000.00"}]
["福利彩票销售机构其他运转类项目支出专项经费","无纸化会议系统一套（包括系统硬件、软件等）","A02080899 其他视频会议系统设备","套",1,null,{"v":556698,"d":"556,698.00"},null,{"v":556698,"d":"556,698.00"}]
["福利彩票销售机构其他运转类项目支出专项经费","数据库主机访问控制管理产品","A02010399 其他信息安全设备","套",1,null,{"v":280000,"d":"280,000.00"},null,{"v":280000,"d":"280,000.00"}]
["福利彩票销售机构其他运转类项目支出专项经费","网络安全监测与非法外联监测产品","A02010399 其他信息安全设备","套",1,null,{"v":280000,"d":"280,000.00"},null,{"v":280000,"d":"280,000.00"}]
["福利彩票销售机构其他运转类项目支出专项经费","网络威胁综合防御产品","A02010399 其他信息安全设备","套",1,null,{"v":290000,"d":"290,000.00"},null,{"v":290000,"d":"290,000.00"}]
["福利彩票销售机构其他运转类项目支出专项经费","云南福彩宣传大屏采购","A02019900 其他信息化设备","项",1,null,{"v":450000,"d":"450,000.00"},null,{"v":450000,"d":"450,000.00"}]
["福利彩票销售机构其他运转类项目支出专项经费","综合业务安全接入系统运行平台（客户端设备）","A02019900 其他信息化设备","台",660,{"v":990000,"d":"990,000.00"},{"v":990000,"d":"990,000.00"},null,{"v":990000,"d":"990,000.00"}]
["福利彩票销售机构其他运转类项目支出专项经费","销售网点摄像头采购项目","A02091107 视频监控设备","台",{"v":1000,"d":"1,000"},null,{"v":510000,"d":"510,000.00"},null,{"v":510000,"d":"510,000.00"}]
["福利彩票销售机构其他运转类项目支出专项经费","国产电脑","A02010105 台式计算机","台",15,null,{"v":90000,"d":"90,000.00"},null,{"v":90000,"d":"90,000.00"}]
["福利彩票销售机构其他运转类项目支出专项经费","电脑福利彩票投注终端设备采购（备用机80把扫描枪）","A02021119 条码扫描器","把",80,{"v":88000,"d":"88,000.00"},{"v":88000,"d":"88,000.00"},null,{"v":88000,"d":"88,000.00"}]
["福利彩票销售机构其他运转类项目支出专项经费","消防设施设备更换","A02370100 消防设备","套",1,null,{"v":450000,"d":"450,000.00"},null,{"v":450000,"d":"450,000.00"}]
["福利彩票销售机构车辆购置及运维费","公务用车车辆燃料费","C23120302 车辆加油、添加燃料服务","项",1,null,{"v":66822,"d":"66,822.00"},null,{"v":66822,"d":"66,822.00"}]
["福利彩票销售机构车辆购置及运维费","公务用车车辆维修费","C23120301 车辆维修和保养服务","项",1,null,{"v":29400,"d":"29,400.00"},null,{"v":29400,"d":"29,400.00"}]
["福利彩票销售机构车辆购置及运维费","公务用车车辆保险费","C1804010201 机动车保险服务","项",1,null,{"v":40500,"d":"40,500.00"},null,{"v":40500,"d":"40,500.00"}]
["福利彩票销售机构专业信息系统运行维护专项经费","云南福彩安全建设服务","C16070400 安全运维服务","年",1,null,{"v":800000,"d":"800,000.00"},null,{"v":800000,"d":"800,000.00"}]
["福利彩票销售机构专业信息系统运行维护专项经费","综合业务安全接入技术支持及维保服务","C16070400 安全运维服务","年",1,{"v":1080000,"d":"1,080,000.00"},{"v":1080000,"d":"1,080,000.00"},null,{"v":1080000,"d":"1,080,000.00"}]
["福利彩票销售机构专业信息系统运行维护专项经费","通信业务服务租用采购","C17010100 基础电信服务","年",1,null,{"v":4730000,"d":"4,730,000.00"},null,{"v":4730000,"d":"4,730,000.00"}]
["福利彩票销售机构专业信息系统运行维护专项经费","福彩数据接口开发服务","C16020300 软件集成实施服务","年",1,null,{"v":600000,"d":"600,000.00"},null,{"v":600000,"d":"600,000.00"}]
["福利彩票销售机构专业信息系统运行维护专项经费","“双活”运行环境软件维护服务","C16070300 软件运维服务","年",1,null,{"v":2180000,"d":"2,180,000.00"},null,{"v":2180000,"d":"2,180,000.00"}]
["福利彩票销售机构专业信息系统运行维护专项经费","电脑福利彩票销售系统软件和数据保障的维护及升级","C16070300 软件运维服务","年",1,{"v":2130000,"d":"2,130,000.00"},{"v":2130000,"d":"2,130,000.00"},null,{"v":2130000,"d":"2,130,000.00"}]
["福利彩票销售机构专业信息系统运行维护专项经费","电子支付应用软件及销售网点管理应用软件系统维护及升级服务","C16070300 软件运维服务","年",1,{"v":1690000,"d":"1,690,000.00"},{"v":1690000,"d":"1,690,000.00"},null,{"v":1690000,"d":"1,690,000.00"}]
["福利彩票销售机构专业信息系统运行维护专项经费","福利彩票渠道及大数据管理平台程序运维服务","C16070300 软件运维服务","年",1,{"v":600000,"d":"600,000.00"},{"v":600000,"d":"600,000.00"},null,{"v":600000,"d":"600,000.00"}]
["福利彩票销售机构专业信息系统运行维护专项经费","机房灾备互联网1号专线通讯服务采购","C17010200 网络接入服务","年",1,null,{"v":99000,"d":"99,000.00"},null,{"v":99000,"d":"99,000.00"}]
["福利彩票销售机构专业信息系统运行维护专项经费","机房灾备互联网2号专线通讯服务采购","C17010200 网络接入服务","年",1,null,{"v":95000,"d":"95,000.00"},null,{"v":95000,"d":"95,000.00"}]
["福利彩票销售机构专业信息系统运行维护专项经费","彩票销售系统“双活”数据中心硬件设备维修保养服务","C16070200 硬件运维服务","年",1,null,{"v":1550000,"d":"1,550,000.00"},null,{"v":1550000,"d":"1,550,000.00"}]
["合  计",{"$nulls":4},{"v":75884600,"d":"75,884,600.00"},{"v":122551405,"d":"122,551,405.00"},null,{"v":122551405,"d":"122,551,405.00"}]

{"sheet":"部门政府购买服务预算表08","index":11,"n_rows":11,"n_cols":14,"rows_kept":11,"merged":[[1,0,1,13],[2,0,2,2],[3,0,5,0],[3,1,5,1],[3,2,5,2],[3,3,3,13],[4,3,5,3],[4,4,5,4],[4,5,5,5],[4,6,5,6],[4,7,5,7],[4,8,4,13],[9,0,9,2]]}
[{"$nulls":13},"预算08表"]
["2025年部门政府购买服务预算表"]
["单位名称：云南省福利彩票发行中心",{"$nulls":12},"单位：元"]
["预算项目","政府购买服务项目","政府购买服务目录","资金来源"]
[{"$nulls":3},"合计","一般公共预算","政府性\n基金","国有资本经营收益","财政专户管理的收入","单位自筹"]
[{"$nulls":8},"小计","事业收入","事业单位\n经营收入","上级补助收入","附属单位上缴收入","其他收入"]
[1,2,3,4,5,6,7,8,9,10,11,12,13,14]
[]
[]
["合  计"]
["注：云南省福利彩票发行中心因主体不符，无政府购买服务，此表为空表。"]

{"sheet":"省对下转移支付预算表09-1","index":12,"n_rows":8,"n_cols":23,"rows_kept":8,"merged":[[1,0,1,22],[2,0,2,8],[3,0,4,0],[3,1,3,3],[3,4,3,22]]}
[{"$nulls":22},"预算09-1表"]
["2025年省对下转移支付预算表"]
["单位名称：云南省福利彩票发行中心",{"$nulls":21},"单位：元"]
["单位名称（项目）","资金来源",null,null,"地区"]
[null,"合计","一般公共预算","政府性基金","昆明","昭通","曲靖","玉溪","红河","文山","普洱","西双版纳","楚雄","大理","保山","德宏","丽江","怒江","迪庆","临沧","宣威","腾冲","镇雄"]
[1,2,3,4,5,6,7,8,9,10,11,12,13,14,15,16,17,18,19,20,21,22,23]
["云南省福利彩票发行中心",{"v":93700000,"d":"93,700,000.00"},null,{"v":93700000,"d":"93,700,000.00"},{"v":6500000,"d":"6,500,000.00"},{"v":4600000,"d":"4,600,000.00"},{"v":6500000,"d":"6,500,000.00"},{"v":5850000,"d":"5,850,000.00"},{"v":8050000,"d":"8,050,000.00"},{"v":5250000,"d":"5,250,000.00"},{"v":9750000,"d":"9,750,000.00"},{"v":5350000,"d":"5,350,000.00"},{"v":5100000,"d":"5,100,000.00"},{"v":7900000,"d":"7,900,000.00"},{"v":3900000,"d":"3,900,000.00"},{"v":3450000,"d":"3,450,000.00"},{"v":5500000,"d":"5,500,000.00"},{"v":3300000,"d":"3,300,000.00"},{"v":3050000,"d":"3,050,000.00"},{"v":3650000,"d":"3,650,000.00"},{"v":1800000,"d":"1,800,000.00"},{"v":2300000,"d":"2,300,000.00"},{"v":1900000,"d":"1,900,000.00"}]
["对附属单位补助支出专项经费",{"v":93700000,"d":"93,700,000.00"},null,{"v":93700000,"d":"93,700,000.00"},{"v":6500000,"d":"6,500,000.00"},{"v":4600000,"d":"4,600,000.00"},{"v":6500000,"d":"6,500,000.00"},{"v":5850000,"d":"5,850,000.00"},{"v":8050000,"d":"8,050,000.00"},{"v":5250000,"d":"5,250,000.00"},{"v":9750000,"d":"9,750,000.00"},{"v":5350000,"d":"5,350,000.00"},{"v":5100000,"d":"5,100,000.00"},{"v":7900000,"d":"7,900,000.00"},{"v":3900000,"d":"3,900,000.00"},{"v":3450000,"d":"3,450,000.00"},{"v":5500000,"d":"5,500,000.00"},{"v":3300000,"d":"3,300,000.00"},{"v":3050000,"d":"3,050,000.00"},{"v":3650000,"d":"3,650,000.00"},{"v":1800000,"d":"1,800,000.00"},{"v":2300000,"d":"2,300,000.00"},{"v":1900000,"d":"1,900,000.00"}]

{"sheet":"省对下转移支付绩效目标表09-2","index":13,"n_rows":17,"n_cols":10,"rows_kept":17,"merged":[[1,0,1,9],[2,0,2,7],[6,0,16,0],[6,1,16,1]]}
[{"$nulls":9},"预算09-2表"]
["2025年省对下转移支付绩效目标表"]
["单位名称：云南省福利彩票发行中心"]
["单位名称、项目名称","项目年度绩效目标","一级指标","二级指标","三级指标","指标性质","指标值","度量单位","指标属性","指标内容"]
[1,2,3,4,5,6,7,8,9,10]
["云南省福利彩票发行中心"]
["对附属单位补助支出专项经费","1、2025年度销售目标为85亿元；\n2、2025年度福彩公益金目标为27.72亿；\n3、2025年度上缴各类税收目标为1.75亿元；\n4、围绕“安全运行、健康发展”的工作方针，强化市场营销及宣传推广，努力完成年度销售任务；\n5、优化渠道建设，形成乐透数字型、即开型、基诺型各彩票玩法协调发展；\n6、完善基础工作，提升服务、管理水平，购彩者满意度≥80%，彩票销售人员（站点）满意度≥80%；\n7、加强对市场管理员日常管理，组织市场管理员开展业务培训，充分发挥市场管理员作用；\n8、确保彩票投注站点热敏打印纸供应充足，关注彩票库存，及时配送即开型彩票，保障彩票销售工作安全运行，热敏打印纸供应充足率达到100%，物流平台配送范围覆盖率≥90%；\n9、加强营销宣传，提升品牌形象，大力宣传福彩发行宗旨、文化内涵，各游戏、各票种的品牌特点、游戏规则、中奖情况、投注方式等，深入引导和推动社会各界认识福彩、了解福彩、参与福彩，达到平面媒体、户外媒体、广播媒体、电视媒体、官网官微五板块宣传媒体全覆盖。","产出指标","数量指标","全省福彩销售任务完成率",">=","100","%","定量指标","\n该指标反映我省福利彩票2025年销售预期情况。\n全省福彩销售任务完成率=全省福彩销售实际完成额÷计划完成额×100%\n"]
["对附属单位补助支出专项经费","1、2025年度销售目标为85亿元；\n2、2025年度福彩公益金目标为27.72亿；\n3、2025年度上缴各类税收目标为1.75亿元；\n4、围绕“安全运行、健康发展”的工作方针，强化市场营销及宣传推广，努力完成年度销售任务；\n5、优化渠道建设，形成乐透数字型、即开型、基诺型各彩票玩法协调发展；\n6、完善基础工作，提升服务、管理水平，购彩者满意度≥80%，彩票销售人员（站点）满意度≥80%；\n7、加强对市场管理员日常管理，组织市场管理员开展业务培训，充分发挥市场管理员作用；\n8、确保彩票投注站点热敏打印纸供应充足，关注彩票库存，及时配送即开型彩票，保障彩票销售工作安全运行，热敏打印纸供应充足率达到100%，物流平台配送范围覆盖率≥90%；\n9、加强营销宣传，提升品牌形象，大力宣传福彩发行宗旨、文化内涵，各游戏、各票种的品牌特点、游戏规则、中奖情况、投注方式等，深入引导和推动社会各界认识福彩、了解福彩、参与福彩，达到平面媒体、户外媒体、广播媒体、电视媒体、官网官微五板块宣传媒体全覆盖。","产出指标","数量指标","每个市场管理员每月巡访服务站点次数",">=","120","次/月","定量指标","\n该指标反映市场管理员服务站点的频率。 依据职责负责为辖区内福利彩票销售网点及时配送宣传资料以及投注单、热敏纸等耗材和物料，配合做好即开型彩票的配送服务。\n"]
["对附属单位补助支出专项经费","1、2025年度销售目标为85亿元；\n2、2025年度福彩公益金目标为27.72亿；\n3、2025年度上缴各类税收目标为1.75亿元；\n4、围绕“安全运行、健康发展”的工作方针，强化市场营销及宣传推广，努力完成年度销售任务；\n5、优化渠道建设，形成乐透数字型、即开型、基诺型各彩票玩法协调发展；\n6、完善基础工作，提升服务、管理水平，购彩者满意度≥80%，彩票销售人员（站点）满意度≥80%；\n7、加强对市场管理员日常管理，组织市场管理员开展业务培训，充分发挥市场管理员作用；\n8、确保彩票投注站点热敏打印纸供应充足，关注彩票库存，及时配送即开型彩票，保障彩票销售工作安全运行，热敏打印纸供应充足率达到100%，物流平台配送范围覆盖率≥90%；\n9、加强营销宣传，提升品牌形象，大力宣传福彩发行宗旨、文化内涵，各游戏、各票种的品牌特点、游戏规则、中奖情况、投注方式等，深入引导和推动社会各界认识福彩、了解福彩、参与福彩，达到平面媒体、户外媒体、广播媒体、电视媒体、官网官微五板块宣传媒体全覆盖。","产出指标","数量指标","市场管理员县域市场管理覆盖率","=","100","%","定量指标","\n根据《云南省民政厅关于印发云南省福利彩票销售市场管理员管理暂行办法的通知》云民福[2019]5号文件的相关要求，为进一步加强对福利彩票销售网点的管理和服务，规范管理各县（市、区）福利彩票投注站市场管理员队伍，加强渠道体系化建设，不断提升渠道质量，健全渠道管理体系，健全渠道业务团队，完善工作机制等内容作为重点。\n数据来源：根据全省各县域区域管理员覆盖情况统计覆盖率\n"]
["对附属单位补助支出专项经费","1、2025年度销售目标为85亿元；\n2、2025年度福彩公益金目标为27.72亿；\n3、2025年度上缴各类税收目标为1.75亿元；\n4、围绕“安全运行、健康发展”的工作方针，强化市场营销及宣传推广，努力完成年度销售任务；\n5、优化渠道建设，形成乐透数字型、即开型、基诺型各彩票玩法协调发展；\n6、完善基础工作，提升服务、管理水平，购彩者满意度≥80%，彩票销售人员（站点）满意度≥80%；\n7、加强对市场管理员日常管理，组织市场管理员开展业务培训，充分发挥市场管理员作用；\n8、确保彩票投注站点热敏打印纸供应充足，关注彩票库存，及时配送即开型彩票，保障彩票销售工作安全运行，热敏打印纸供应充足率达到100%，物流平台配送范围覆盖率≥90%；\n9、加强营销宣传，提升品牌形象，大力宣传福彩发行宗旨、文化内涵，各游戏、各票种的品牌特点、游戏规则、中奖情况、投注方式等，深入引导和推动社会各界认识福彩、了解福彩、参与福彩，达到平面媒体、户外媒体、广播媒体、电视媒体、官网官微五板块宣传媒体全覆盖。","产出指标","数量指标","彩票销售站点培训覆盖率","=","100","%","定量指标","\n该指标反映彩票销售技能、营销宣传等培训是否覆盖了全省各州市的福彩销售站点。彩票销售站点培训覆盖率=（全年实际参加培训的站点数量/彩票销售站点总数）*100%\n"]
["对附属单位补助支出专项经费","1、2025年度销售目标为85亿元；\n2、2025年度福彩公益金目标为27.72亿；\n3、2025年度上缴各类税收目标为1.75亿元；\n4、围绕“安全运行、健康发展”的工作方针，强化市场营销及宣传推广，努力完成年度销售任务；\n5、优化渠道建设，形成乐透数字型、即开型、基诺型各彩票玩法协调发展；\n6、完善基础工作，提升服务、管理水平，购彩者满意度≥80%，彩票销售人员（站点）满意度≥80%；\n7、加强对市场管理员日常管理，组织市场管理员开展业务培训，充分发挥市场管理员作用；\n8、确保彩票投注站点热敏打印纸供应充足，关注彩票库存，及时配送即开型彩票，保障彩票销售工作安全运行，热敏打印纸供应充足率达到100%，物流平台配送范围覆盖率≥90%；\n9、加强营销宣传，提升品牌形象，大力宣传福彩发行宗旨、文化内涵，各游戏、各票种的品牌特点、游戏规则、中奖情况、投注方式等，深入引导和推动社会各界认识福彩、了解福彩、参与福彩，达到平面媒体、户外媒体、广播媒体、电视媒体、官网官微五板块宣传媒体全覆盖。","产出指标","质量指标","热敏打印纸配送覆盖率","=","100","%","定量指标","\n反映彩票热敏打印纸配送覆盖站点的情况，确保销售站点热敏打印纸配送充足及时，全年不存在断纸的情况。\n"]
["对附属单位补助支出专项经费","1、2025年度销售目标为85亿元；\n2、2025年度福彩公益金目标为27.72亿；\n3、2025年度上缴各类税收目标为1.75亿元；\n4、围绕“安全运行、健康发展”的工作方针，强化市场营销及宣传推广，努力完成年度销售任务；\n5、优化渠道建设，形成乐透数字型、即开型、基诺型各彩票玩法协调发展；\n6、完善基础工作，提升服务、管理水平，购彩者满意度≥80%，彩票销售人员（站点）满意度≥80%；\n7、加强对市场管理员日常管理，组织市场管理员开展业务培训，充分发挥市场管理员作用；\n8、确保彩票投注站点热敏打印纸供应充足，关注彩票库存，及时配送即开型彩票，保障彩票销售工作安全运行，热敏打印纸供应充足率达到100%，物流平台配送范围覆盖率≥90%；\n9、加强营销宣传，提升品牌形象，大力宣传福彩发行宗旨、文化内涵，各游戏、各票种的品牌特点、游戏规则、中奖情况、投注方式等，深入引导和推动社会各界认识福彩、了解福彩、参与福彩，达到平面媒体、户外媒体、广播媒体、电视媒体、官网官微五板块宣传媒体全覆盖。","产出指标","质量指标","销售网点开机率",">=","90","%","定量指标","\n反映彩票销售网点营业情况。销售网点开机率=全年平均有效开机数/年末投注机总数。\n"]
["对附属单位补助支出专项经费","1、2025年度销售目标为85亿元；\n2、2025年度福彩公益金目标为27.72亿；\n3、2025年度上缴各类税收目标为1.75亿元；\n4、围绕“安全运行、健康发展”的工作方针，强化市场营销及宣传推广，努力完成年度销售任务；\n5、优化渠道建设，形成乐透数字型、即开型、基诺型各彩票玩法协调发展；\n6、完善基础工作，提升服务、管理水平，购彩者满意度≥80%，彩票销售人员（站点）满意度≥80%；\n7、加强对市场管理员日常管理，组织市场管理员开展业务培训，充分发挥市场管理员作用；\n8、确保彩票投注站点热敏打印纸供应充足，关注彩票库存，及时配送即开型彩票，保障彩票销售工作安全运行，热敏打印纸供应充足率达到100%，物流平台配送范围覆盖率≥90%；\n9、加强营销宣传，提升品牌形象，大力宣传福彩发行宗旨、文化内涵，各游戏、各票种的品牌特点、游戏规则、中奖情况、投注方式等，深入引导和推动社会各界认识福彩、了解福彩、参与福彩，达到平面媒体、户外媒体、广播媒体、电视媒体、官网官微五板块宣传媒体全覆盖。","效益指标","经济效益","福利彩票销售增长率",">=","1.00","%","定量指标","\n彩票销售增长率 =（实际销售金额/上年销售金额-1）×100%\n"]
["对附属单位补助支出专项经费","1、2025年度销售目标为85亿元；\n2、2025年度福彩公益金目标为27.72亿；\n3、2025年度上缴各类税收目标为1.75亿元；\n4、围绕“安全运行、健康发展”的工作方针，强化市场营销及宣传推广，努力完成年度销售任务；\n5、优化渠道建设，形成乐透数字型、即开型、基诺型各彩票玩法协调发展；\n6、完善基础工作，提升服务、管理水平，购彩者满意度≥80%，彩票销售人员（站点）满意度≥80%；\n7、加强对市场管理员日常管理，组织市场管理员开展业务培训，充分发挥市场管理员作用；\n8、确保彩票投注站点热敏打印纸供应充足，关注彩票库存，及时配送即开型彩票，保障彩票销售工作安全运行，热敏打印纸供应充足率达到100%，物流平台配送范围覆盖率≥90%；\n9、加强营销宣传，提升品牌形象，大力宣传福彩发行宗旨、文化内涵，各游戏、各票种的品牌特点、游戏规则、中奖情况、投注方式等，深入引导和推动社会各界认识福彩、了解福彩、参与福彩，达到平面媒体、户外媒体、广播媒体、电视媒体、官网官微五板块宣传媒体全覆盖。","效益指标","社会效益","带动就业人数增长率",">=","1.5","%","定量指标","\n反映福利彩票机构稳定就业情况。\n"]
["对附属单位补助支出专项经费","1、2025年度销售目标为85亿元；\n2、2025年度福彩公益金目标为27.72亿；\n3、2025年度上缴各类税收目标为1.75亿元；\n4、围绕“安全运行、健康发展”的工作方针，强化市场营销及宣传推广，努力完成年度销售任务；\n5、优化渠道建设，形成乐透数字型、即开型、基诺型各彩票玩法协调发展；\n6、完善基础工作，提升服务、管理水平，购彩者满意度≥80%，彩票销售人员（站点）满意度≥80%；\n7、加强对市场管理员日常管理，组织市场管理员开展业务培训，充分发挥市场管理员作用；\n8、确保彩票投注站点热敏打印纸供应充足，关注彩票库存，及时配送即开型彩票，保障彩票销售工作安全运行，热敏打印纸供应充足率达到100%，物流平台配送范围覆盖率≥90%；\n9、加强营销宣传，提升品牌形象，大力宣传福彩发行宗旨、文化内涵，各游戏、各票种的品牌特点、游戏规则、中奖情况、投注方式等，深入引导和推动社会各界认识福彩、了解福彩、参与福彩，达到平面媒体、户外媒体、广播媒体、电视媒体、官网官微五板块宣传媒体全覆盖。","效益指标","社会效益","福彩彩票公益金筹集目标完成率",">=","100","%","定量指标","\n反映部门年度筹集公益金情况。筹集彩票公益金目标完成率=（实际筹集公益金数/预计筹集公益金数）×100%。\n"]
["对附属单位补助支出专项经费","1、2025年度销售目标为85亿元；\n2、2025年度福彩公益金目标为27.72亿；\n3、2025年度上缴各类税收目标为1.75亿元；\n4、围绕“安全运行、健康发展”的工作方针，强化市场营销及宣传推广，努力完成年度销售任务；\n5、优化渠道建设，形成乐透数字型、即开型、基诺型各彩票玩法协调发展；\n6、完善基础工作，提升服务、管理水平，购彩者满意度≥80%，彩票销售人员（站点）满意度≥80%；\n7、加强对市场管理员日常管理，组织市场管理员开展业务培训，充分发挥市场管理员作用；\n8、确保彩票投注站点热敏打印纸供应充足，关注彩票库存，及时配送即开型彩票，保障彩票销售工作安全运行，热敏打印纸供应充足率达到100%，物流平台配送范围覆盖率≥90%；\n9、加强营销宣传，提升品牌形象，大力宣传福彩发行宗旨、文化内涵，各游戏、各票种的品牌特点、游戏规则、中奖情况、投注方式等，深入引导和推动社会各界认识福彩、了解福彩、参与福彩，达到平面媒体、户外媒体、广播媒体、电视媒体、官网官微五板块宣传媒体全覆盖。","满意度指标","服务对象满意度","购彩者满意度",">=","85","%","定量指标","\n反映服务对象对职能部门（单位）履职绩效的满意程度，通过问卷调查统计购彩者满意度。\n"]
["对附属单位补助支出专项经费","1、2025年度销售目标为85亿元；\n2、2025年度福彩公益金目标为27.72亿；\n3、2025年度上缴各类税收目标为1.75亿元；\n4、围绕“安全运行、健康发展”的工作方针，强化市场营销及宣传推广，努力完成年度销售任务；\n5、优化渠道建设，形成乐透数字型、即开型、基诺型各彩票玩法协调发展；\n6、完善基础工作，提升服务、管理水平，购彩者满意度≥80%，彩票销售人员（站点）满意度≥80%；\n7、加强对市场管理员日常管理，组织市场管理员开展业务培训，充分发挥市场管理员作用；\n8、确保彩票投注站点热敏打印纸供应充足，关注彩票库存，及时配送即开型彩票，保障彩票销售工作安全运行，热敏打印纸供应充足率达到100%，物流平台配送范围覆盖率≥90%；\n9、加强营销宣传，提升品牌形象，大力宣传福彩发行宗旨、文化内涵，各游戏、各票种的品牌特点、游戏规则、中奖情况、投注方式等，深入引导和推动社会各界认识福彩、了解福彩、参与福彩，达到平面媒体、户外媒体、广播媒体、电视媒体、官网官微五板块宣传媒体全覆盖。","满意度指标","服务对象满意度","彩票销售人员（站点）满意度",">=","85","%","定量指标","\n反映彩票销售人员（站点）对职能部门（单位）履职绩效的满意程度，通过问卷调查统计销售网点满意度。\n"]

{"sheet":"新增资产配置表10","index":14,"n_rows":39,"n_cols":8,"rows_kept":39,"merged":[[1,0,1,7],[3,0,4,0],[3,1,4,1],[3,2,4,2],[3,3,4,3],[3,4,4,4],[3,5,3,7],[38,0,38,4]]}
[{"$nulls":7},"预算10表"]
["2025年新增资产配置表"]
["单位名称：云南省福利彩票发行中心"]
["单位名称","资产类别","资产分类代码.名称","资产名称","计量单位","财政部门批复数（元）"]
[{"$nulls":5},"数量","单价","金额"]
["1","2","3","4","5","6","7","8"]
["云南省福利彩票发行中心","房屋和构筑物","A01021700 闸","业务用房道闸系统","套",1,{"v":180000,"d":"180,000.00"},{"v":180000,"d":"180,000.00"}]
["云南省福利彩票发行中心","设备","A02010104 服务器","服务器","台",2,{"v":39000,"d":"39,000.00"},{"v":78000,"d":"78,000.00"}]
["云南省福利彩票发行中心","设备","A02010105 台式计算机","国产化电脑","台",15,{"v":6000,"d":"6,000.00"},{"v":90000,"d":"90,000.00"}]
["云南省福利彩票发行中心","设备","A02010202 交换设备","48口交换机","台",2,{"v":4100,"d":"4,100.00"},{"v":8200,"d":"8,200.00"}]
["云南省福利彩票发行中心","设备","A02010301 防火墙","防火墙","台",2,{"v":53000,"d":"53,000.00"},{"v":106000,"d":"106,000.00"}]
["云南省福利彩票发行中心","设备","A02010301 防火墙","防火墙设备","台",2,{"v":75000,"d":"75,000.00"},{"v":150000,"d":"150,000.00"}]
["云南省福利彩票发行中心","设备","A02010399 其他信息安全设备","数据库主机访问控制管理产品","套",1,{"v":280000,"d":"280,000.00"},{"v":280000,"d":"280,000.00"}]
["云南省福利彩票发行中心","设备","A02010399 其他信息安全设备","网络安全监测与非法外联监测产品","套",1,{"v":280000,"d":"280,000.00"},{"v":280000,"d":"280,000.00"}]
["云南省福利彩票发行中心","设备","A02010399 其他信息安全设备","网络威胁综合防御产品","套",1,{"v":290000,"d":"290,000.00"},{"v":290000,"d":"290,000.00"}]
["云南省福利彩票发行中心","设备","A02010599 其他存储设备","销售系统扩容设备","批",1,{"v":230000,"d":"230,000.00"},{"v":230000,"d":"230,000.00"}]
["云南省福利彩票发行中心","设备","A02019900 其他信息化设备","云南福彩宣传大屏","项",1,{"v":450000,"d":"450,000.00"},{"v":450000,"d":"450,000.00"}]
["云南省福利彩票发行中心","设备","A02019900 其他信息化设备","综合业务安全接入系统运行平台（客户端设备）","台",660,{"v":1500,"d":"1,500.00"},{"v":990000,"d":"990,000.00"}]
["云南省福利彩票发行中心","设备","A02021119 条码扫描器","扫码枪","把",80,{"v":1100,"d":"1,100.00"},{"v":88000,"d":"88,000.00"}]
["云南省福利彩票发行中心","设备","A02080899 其他视频会议系统设备","无纸化会议系统","套",1,{"v":556698,"d":"556,698.00"},{"v":556698,"d":"556,698.00"}]
["云南省福利彩票发行中心","设备","A02091107 视频监控设备","摄像头","台",{"v":1000,"d":"1,000"},{"v":510,"d":"510.00"},{"v":510000,"d":"510,000.00"}]
["云南省福利彩票发行中心","设备","A02091107 视频监控设备","业务用房及兑奖区域监控系统","套",1,{"v":35000,"d":"35,000.00"},{"v":35000,"d":"35,000.00"}]
["云南省福利彩票发行中心","设备","A02370100 消防设备","消防设施设备","套",1,{"v":450000,"d":"450,000.00"},{"v":450000,"d":"450,000.00"}]
["云南省福利彩票发行中心","设备","A02470500 彩票销售设备","电脑彩票投注机","台",{"v":1000,"d":"1,000"},{"v":15160,"d":"15,160.00"},{"v":15160000,"d":"15,160,000.00"}]
["云南省福利彩票发行中心","设备","A02470500 彩票销售设备","投注机","台",{"v":1000,"d":"1,000"},{"v":15160,"d":"15,160.00"},{"v":15160000,"d":"15,160,000.00"}]
["云南省福利彩票发行中心","家具和用品","A05010202 会议桌","会议室桌","张",1,{"v":11550,"d":"11,550.00"},{"v":11550,"d":"11,550.00"}]
["云南省福利彩票发行中心","家具和用品","A05010202 会议桌","会议室桌","张",1,{"v":6600,"d":"6,600.00"},{"v":6600,"d":"6,600.00"}]
["云南省福利彩票发行中心","家具和用品","A05010202 会议桌","无纸化会议系统会议桌","张",1,{"v":32000,"d":"32,000.00"},{"v":32000,"d":"32,000.00"}]
["云南省福利彩票发行中心","家具和用品","A05010303 会议椅","会议椅","把",10,{"v":785,"d":"785.00"},{"v":7850,"d":"7,850.00"}]
["云南省福利彩票发行中心","家具和用品","A05010303 会议椅","会议椅","把",33,{"v":695,"d":"695.00"},{"v":22935,"d":"22,935.00"}]
["云南省福利彩票发行中心","家具和用品","A05010303 会议椅","无纸化会议系统会议椅子","把",13,{"v":800,"d":"800.00"},{"v":10400,"d":"10,400.00"}]
["云南省福利彩票发行中心","家具和用品","A05010504 保密柜","保险柜","台",2,{"v":3500,"d":"3,500.00"},{"v":7000,"d":"7,000.00"}]
["云南省福利彩票发行中心","家具和用品","A05010505 茶水柜","茶水柜","个",2,{"v":1260,"d":"1,260.00"},{"v":2520,"d":"2,520.00"}]
["云南省福利彩票发行中心","无形资产","A08060301 基础软件","操作系统","套",2,{"v":10000,"d":"10,000.00"},{"v":20000,"d":"20,000.00"}]
["云南省福利彩票发行中心","无形资产","A08060301 基础软件","高可用灾备管理软件","套",2,{"v":48000,"d":"48,000.00"},{"v":96000,"d":"96,000.00"}]
["云南省福利彩票发行中心","无形资产","A08060301 基础软件","数据库","套",2,{"v":37000,"d":"37,000.00"},{"v":74000,"d":"74,000.00"}]
["云南省福利彩票发行中心","无形资产","A08060301 基础软件","中间件","套",2,{"v":32000,"d":"32,000.00"},{"v":64000,"d":"64,000.00"}]
["云南省福利彩票发行中心","无形资产","A08060303 应用软件","用友财务软件票据管理定制模块","套",1,{"v":100000,"d":"100,000.00"},{"v":100000,"d":"100,000.00"}]
["合计",{"$nulls":4},{"v":3844,"d":"3,844"},null,{"v":35546753,"d":"35,546,753.00"}]

{"sheet":"中央转移支付补助项目支出预算表11","index":15,"n_rows":10,"n_cols":11,"rows_kept":10,"merged":[[1,0,1,10],[2,0,2,6],[3,0,5,0],[3,1,5,1],[3,2,5,2],[3,3,5,3],[3,4,5,4],[3,5,5,5],[3,6,5,6],[3,7,5,7],[3,8,3,10],[4,8,5,8],[4,9,5,9],[4,10,5,10],[9,0,9,6]]}
[{"$nulls":10},"预算11表"]
["2025年中央转移支付补助项目支出预算表"]
["单位名称：云南省福利彩票发行中心",{"$nulls":9},"单位：元"]
["项目分类","项目名称","项目单位","功能科目编码","功能科目名称","经济科目编码","经济科目名称","合计","上级补助"]
[{"$nulls":8},"一般公共预算","政府性基金预算","国有资本经营预算"]
[{"$nulls":8},"小计"]
[1,2,3,4,5,6,7,8,9,10,11]
[null,"2025年度中央彩票市场调控资金",{"$nulls":5},{"v":8770000,"d":"8,770,000.00"},null,{"v":8770000,"d":"8,770,000.00"}]
["事业发展类","2025年度中央彩票市场调控资金","云南省福利彩票发行中心","2290808","彩票市场调控资金支出","31003","专用设备购置",{"v":8770000,"d":"8,770,000.00"},null,{"v":8770000,"d":"8,770,000.00"}]
["合  计",{"$nulls":6},{"v":8770000,"d":"8,770,000.00"},null,{"v":8770000,"d":"8,770,000.00"}]

{"sheet":"部门项目中期规划预算表12","index":16,"n_rows":11,"n_cols":7,"rows_kept":11,"merged":[[1,0,1,6],[2,0,2,3],[3,0,5,0],[3,1,5,1],[3,2,5,2],[3,3,5,3],[3,4,3,6],[4,4,5,4],[4,5,5,5],[4,6,5,6],[9,0,9,3]]}
[{"$nulls":6},"预算12表"]
["2025年部门项目支出中期规划预算表"]
["单位名称：云南省福利彩票发行中心",{"$nulls":5},"单位：元"]
["项目单位","项目分类","项目名称","项目级次","一般公共预算"]
[{"$nulls":4},"2025年","2026年","2027年"]
[{"$nulls":5},"小计"]
[1,2,3,4,5,6,7]
[]
[]
["合计",""]
["注：云南省福利彩票发行中心无一般公共预算，此表为空表。"]